{"text_format":"3","workbook":"xlsx","n_sheets":1,"sheets":["Sheet1"],"not_rendered":{"defined_names":1},"read":"whole","date_system":"1900"}

{"sheet":"Sheet1","index":0,"n_rows":393,"n_cols":39,"rows_kept":393,"merged":[[1,1,1,4],[1,5,1,10],[1,11,1,14],[1,15,1,21],[1,22,1,26],[1,27,1,30],[1,31,1,37],[2,11,2,12],[2,13,2,14]]}
["Table S1. Collection of isolates obtained in this study. In blue, isolates long-read sequenced."]
[null,"Identifiers",{"$nulls":3},"Patient information",{"$nulls":5},"MIC",{"$nulls":3},"PBP alleles",{"$nulls":6},"Population analysis",{"$nulls":4},"Plasmids",{"$nulls":3},"ResFinder"]
["Isolates ID","NCBI Biosample","SRA accession","ENA biosample accession","ENA reads accession","Trial arm","Age (months)","PCV status","Region","AB 48h prior","Prior AB","Penicillin MIC",null,"Amoxicillin MIC",null,"PBP1a CDC","mods 1a","PBP2b CDC","mods 2b","PBP2x CDC","mods 2x","CDC","MLST","Serotype","Identity","popPUNK","GPSC","repUS43","rep36","IncI2(Delta)","ColRNAI","erm(B)","tet(M)","msr(D)","mef(A)","aph(3')-III","dfrA12","tet(32)","Tn916"]
["CAPIT001_D1-1","SAMN25118868","SRR21202220","ERS13449307","ERR10183298","Higher + shorter",{"v":17.21419143676758,"d":"17"},"Full-PCV","North West","No","",0.01,"S",0.01,"S",3,5,6,2,5,3,"3_6_5","ST53","08","S. pneumoniae",26,3,"-","-","-","-","-","-","-","-","-","-","-","-"]
["CAPIT002_D1-1","SAMN25118869","SRR21202219","ERS13449308","ERR10183299","Lower + shorter",{"v":45.46649169921875,"d":"45"},"Full-PCV","North West","No","",1,"I","1","I",25,99,69,21,56,74,"25_69_56","ST10187","Non-typeable/NCC2b","S. pneumoniae",28,81,{"v":0.99,"d":"99%"},"-","-","-",{"v":1,"d":"100%"},{"v":0.99,"d":"99%"},"-","-","-","-","-","Yes"]
["CAPIT003_D1-1","SAMN25118870","SRR21202305","ERS13449309","ERR10183300","Lower + longer",{"v":71.9776611328125,"d":"72"},"Full-PCV","North West","No","",0.06,"S",0.01,"S",0,4,0,1,148,54,"0_0_148","ST452","35B","S. pneumoniae",25,75,"-","-","-","-","-","-","-","-","-","-","-","-"]
["CAPIT004_D1-1","SAMN25118871","SRR21202029","ERS13449310","ERR10183301","Higher + shorter",{"v":57.19448089599609,"d":"57"},"Full-PCV","North West","No","",0.125,"I","0.125","S",23,5,27,16,77,17,"23_27_77","ST3774","12F","S. pneumoniae",21,55,"-","-","-","-","-","-","-","-","-","-","-","-"]
["CAPIT005_D1-1","SAMN25118872","SRR21202253","ERS13449311","ERR10183302","Higher + longer",{"v":37.12220764160156,"d":"37"},"Full-PCV","North West","No","",0.03,"S",0.03,"S",2,2,0,1,2,0,"2_0_2","ST6744","23A","S. pneumoniae",8,7,"-","-","-","-","-","-","-","-","-","-","-","-"]
["CAPIT006_D1-1","SAMN25118873","SRR21202242","ERS13449312","ERR10183303","Lower + shorter",{"v":19.38239097595215,"d":"19"},"Full-PCV","North West","Yes","Amoxicillin",0.03,"S",0.01,"S",2,2,0,1,2,1,"2_0_2","ST193","21","S. pneumoniae",4,11,"-",{"v":0.99,"d":"99%"},"-","-","-","-","-","-","-","-","-","-"]
["CAPIT007_D1-1","SAMN25118874","SRR21202231","ERS13449313","ERR10183304","Higher + longer",{"v":36.92509841918945,"d":"37"},"Full-PCV","North West","No","",0.03,"S",0.01,"S",0,4,0,0,3,15,"0_0_3","ST1635","35F","S. pneumoniae",5,36,"-","-","-","-","-","-","-","-","-","-","-","-"]
["CAPIT008_D1-1","SAMN25118875","SRR21202023","ERS13449314","ERR10183305","Lower + longer",{"v":44.84231185913086,"d":"45"},"Full-PCV","North West","No","",0.25,"I",0.06,"S",7,50,67,9,1,54,"7_67_1","ST2372","23B1","S. pneumoniae",7,5,"-","-","-","-","-","-","-","-","-","-","-","-"]
["CAPIT009_D1-1","SAMN25118876","SRR21202012","ERS13449315","ERR10183306","Lower + shorter",{"v":30.58475685119629,"d":"31"},"Full-PCV","North West","No","",0.03,"S",0.03,"S",2,3,6,2,0,2,"2_6_0","ST62","11A","S. pneumoniae",1,3,"-","-","-","-","-","-","-","-","-","-","-","-"]
["CAPIT010_D1-1","SAMN25118877","SRR21202001","ERS13449316","ERR10183307","Higher + shorter",{"v":38.4362678527832,"d":"38"},"Full-PCV","North West","No","",0.125,"I","0.125","S",23,5,27,16,77,17,"23_27_77","ST3774","12F","S. pneumoniae",21,55,"-",{"v":0.99,"d":"99%"},"-","-","-","-","-","-","-","-","-","-"]
["CAPIT011_D1-1","SAMN25118878","SRR21202218","ERS13449317","ERR10183308","Higher + shorter",{"v":24.21156311035156,"d":"24"},"Full-PCV","North West","No","",0.25,"I",0.06,"S",7,50,1,40,1,54,"7_1_1","ST1349","23B1","S. pneumoniae",7,5,"-","-","-","-","-","-","-","-","-","-","-","-"]
["CAPIT012_D1-1","SAMN25118879","SRR21202207","ERS13449318","ERR10183309","Higher + shorter",{"v":19.90801620483398,"d":"20"},"Full-PCV","North West","No","",0.03,"S",0.03,"S",0,4,0,2,0,2,"0_0_0","ST199","15B/C","S. pneumoniae",6,4,"-","-","-","-","-","-","-","-","-","-","-","-"]
["CAPIT013_D1-1","SAMN25118880","SRR21202196","ERS13449319","ERR10183310","Lower + shorter",{"v":15.24310111999512,"d":"15"},"Full-PCV","North West","No","",0.03,"S",0.01,"S",2,2,0,1,2,1,"2_0_2","ST193","21","S. pneumoniae",4,11,"-",{"v":0.99,"d":"99%"},"-","-","-","-","-","-","-","-","-","-"]
["CAPIT014_D1-1","SAMN25118881","SRR21202185","ERS13449320","ERR10183311","Higher + longer",{"v":46.32062911987305,"d":"46"},"Full-PCV","North West","No","",0.01,"S",0.01,"S",2,3,6,2,0,2,"2_6_0","ST62","11A","S. pneumoniae",1,3,"-","-","-","-","-","-","-","-","-","-","-","-"]
["CAPIT015_D1-1","SAMN25118882","SRR21202142","ERS13449321","ERR10183312","Higher + shorter",{"v":16.98423194885254,"d":"17"},"Full-PCV","North West","No","",0.01,"S",0.01,"S",0,6,0,0,53,2,"0_0_53","ST1551","10A","S. pneumoniae",17,35,"-","-","-","-","-","-","-","-","-","-","-","-"]
["CAPIT016_D1-1","SAMN25118883","SRR21202131","ERS13449322","ERR10183313","Higher + longer",{"v":32.85151290893555,"d":"33"},"Full-PCV","North West","No","",0.03,"S",0.01,"S",0,4,6,3,2,0,"0_6_2","ST30","16F","S. pneumoniae",19,46,"-","-","-","-","-","-","-","-","-","-","-","-"]
["CAPIT016_D1-2","SAMN25118884","SRR21201990","ERS13449323","ERR10183314","Higher + longer",{"v":32.85151290893555,"d":"33"},"Full-PCV","North West","No","",0.5,"I","1","I",25,99,69,21,56,74,"25_69_56","ST10187","Non-typeable/NCC2b","S. pneumoniae",28,81,{"v":0.99,"d":"99%"},"-","-","-",{"v":1,"d":"100%"},{"v":0.99,"d":"99%"},"-","-","-","-","-","Yes"]
["CAPIT017_D1-1","SAMN25118885","SRR21201979","ERS13449324","ERR10183315","Lower + shorter",{"v":30.58475685119629,"d":"31"},"Full-PCV","North West","No","",0.01,"S",0.01,"S",0,4,0,0,3,1,"0_0_3","ST1635","35F","S. pneumoniae",5,36,"-","-","-","-","-","-","-","-","-","-","-","-"]
["CAPIT018_D1-1","SAMN25118886","SRR21201968","ERS13449325","ERR10183316","Lower + longer",{"v":24.60578155517578,"d":"25"},"Full-PCV","North West","No","",0.01,"S",0.01,"S",1,4,4,2,2,0,"1_4_2","ST235","20","S. pneumoniae",61,124,"-","-","-","-","-","-","-","-","-","-","-","-"]
["CAPIT018_D1-2","SAMN25118887","SRR21201925","ERS13449326","ERR10183317","Lower + longer",{"v":24.60578155517578,"d":"25"},"Full-PCV","North West","No","",0.01,"S",0.01,"S",1,4,0,0,2,1,"1_0_2","ST177","21","S. pneumoniae",10,44,"-","-","-","-","-","-","-","-","-","-","-","-"]
["CAPIT019_D1-1","SAMN25118888","SRR21202304","ERS13449327","ERR10183318","Lower + longer",{"v":48.55453491210938,"d":"49"},"Full-PCV","North West","No","",0.25,"I",{"v":0.125,"d":"0.13"},"S",7,50,67,9,1,54,"7_67_1","ST2372","23B1","S. pneumoniae",7,5,"-","-","-","-","-","-","-","-","-","-","-","-"]
["CAPIT020_D1-1","SAMN25118889","SRR21202293","ERS13449328","ERR10183319","Lower + shorter",{"v":20.66360092163086,"d":"21"},"Full-PCV","North West","No","",0.01,"S",0.01,"S",2,3,6,2,0,2,"2_6_0","ST62","11A","S. pneumoniae",1,3,"-","-","-","-","-","-","-","-","-","-","-","-"]
["CAPIT021_D1-1","SAMN25118890","SRR21202117","ERS13449329","ERR10183320","Lower + shorter",{"v":6.340341567993164,"d":"6"},"Partial-PCV","North West","No","",0.125,"I","0.125","S",7,50,1,40,1,55,"7_1_1","ST1349","23B1","S. pneumoniae",7,5,"-","-","-","-","-","-","-","-","-","-","-","-"]
["CAPIT022_D29-1","SAMN25118891","SRR21202106","ERS13449330","ERR10183321","Higher + shorter",{"v":20.10512542724609,"d":"20"},"Full-PCV","North West","Yes","Amoxicillin",0.03,"S",0.01,"S",1,3,0,0,0,1,"1_0_0","ST3811","15A","S. pneumoniae",2,6,"-","-",{"v":0.98,"d":"98%"},"-","-","-","-","-","-","-","-","-"]
["CAPIT023_D1-1","SAMN25118892","SRR21202095","ERS13449331","ERR10183322","Lower + longer",{"v":15.63731956481934,"d":"16"},"Full-PCV","North West","Yes","Amoxicillin",0.03,"S",0.01,"S",0,4,0,0,3,1,"0_0_3","ST11510","35F","S. pneumoniae",5,36,"-","-","-","-","-","-","-","-","-","-","-","-"]
["CAPIT023_D29-1","SAMN25118893","SRR21202084","ERS13449332","ERR10183323","Lower + longer",{"v":15.63731956481934,"d":"16"},"Full-PCV","North West","Yes","Amoxicillin",0.03,"S",0.01,"S",2,2,0,1,2,1,"2_0_2","ST193","21","S. pneumoniae",4,11,"-","-","-","-","-","-","-","-","-","-","-","-"]
["CAPIT024_D1-1","SAMN25118894","SRR21202073","ERS13449333","ERR10183324","Higher + longer",{"v":39.71747589111328,"d":"40"},"Full-PCV","North West","Yes","Amoxicillin",0.03,"S",0.03,"S",2,2,0,1,6,3,"2_0_6","ST438","23A","S. pneumoniae",8,7,"-","-","-","-","-","-","-","-","-","-","-","-"]
["CAPIT025_D1-1","SAMN25118895","SRR21202062","ERS13449334","ERR10183325","Lower + longer",{"v":14.32325839996338,"d":"14"},"No-PCV","North West","Yes","Amoxicillin",2,"I","4","R",15,57,76,39,"New",73,"15_76_New","ST6521","11A","S. pneumoniae",2,6,"-","-","-","-","-","-","-","-","-","-","-","-"]
["CAPIT026_D1-1","SAMN25118896","SRR21202051","ERS13449335","ERR10183326","Higher + longer",{"v":27.69382476806641,"d":"28"},"Full-PCV","West Midlands","No","",0.01,"S",0.01,"S",2,3,6,2,0,2,"2_6_0","ST62","11A","S. pneumoniae",1,3,"-","-","-","-","-","-","-","-","-","-","-","-"]
["CAPIT026_D29-1","SAMN25118897","SRR21202040","ERS13449336","ERR10183327","Higher + longer",{"v":27.69382476806641,"d":"28"},"Full-PCV","West Midlands","No","",0.03,"S",0.01,"S",78,4,0,0,0,1,"78_0_0","ST162","Serogroup 24","S. pneumoniae",2,6,"-","-","-","-","-","-","-","-","-","-","-","-"]
["CAPIT027_D1-1","SAMN25118898","SRR21202028","ERS13449337","ERR10183328","Higher + longer",{"v":19.08672714233398,"d":"19"},"Full-PCV","West Midlands","No","",0.03,"S",0.01,"S",78,4,0,0,0,1,"78_0_0","ST162","Serogroup 24","S. pneumoniae",2,6,"-","-","-","-","-","-","-","-","-","-","-","-"]
["CAPIT028_D1-1","SAMN25118899","SRR21202278","ERS13449338","ERR10183329","Lower + longer",{"v":12.08935642242432,"d":"12"},"Full-PCV","West Midlands","No","",0.25,"I","0.25","S",7,50,1,40,"New",29,"7_1_New","ST373","35B","S. pneumoniae",59,91,{"v":0.99,"d":"99%"},"-","-","-",{"v":1,"d":"100%"},{"v":0.99,"d":"99%"},"-","-","-","-","-","Yes"]
["CAPIT029_D1-1","SAMN25118900","SRR21202267","ERS13449339","ERR10183330","Lower + shorter",{"v":26.4126148223877,"d":"26"},"Full-PCV","West Midlands","No","",0.03,"S",0.01,"S",2,3,6,2,0,2,"2_6_0","ST62","11A","S. pneumoniae",1,3,"-","-","-","-","-","-","-","-","-","-","-","-"]
["CAPIT030_D1-1","SAMN25118901","SRR21202256","ERS13449340","ERR10183331","Higher + longer",{"v":14.454665184021,"d":"14"},"Full-PCV","South West","No","",0.03,"S",0.01,"S",0,4,0,0,3,1,"0_0_3","ST1635","35F","S. pneumoniae",5,36,"-","-","-","-","-","-","-","-","-","-","-","-"]
["CAPIT031_D1-1","SAMN25118902","SRR21201950","ERS13449341","ERR10183332","Lower + shorter",{"v":12.22076225280762,"d":"12"},"Full-PCV","South West","No","",0.03,"S",0.01,"S",11,4,0,1,0,2,"11_0_0","ST392","17F","S. pneumoniae",16,49,"-","-","-","-","-","-","-","-","-","-","-","-"]
["CAPIT032_D1-1","SAMN25118903","SRR21201939","ERS13449342","ERR10183333","Higher + shorter",{"v":20.8935604095459,"d":"21"},"Full-PCV","South West","No","",0.25,"I",0.06,"S",7,50,1,40,1,54,"7_1_1","ST1349","23B1","S. pneumoniae",7,5,"-","-","-","-","-","-","-","-","-","-","-","-"]
["CAPIT033_D1-1","SAMN25118904","SRR21201928","ERS13449343","ERR10183334","Lower + longer",{"v":59.03416442871094,"d":"59"},"Full-PCV","South West","No","",0.125,"I",0.06,"S","New",15,"New",11,"New",60,"New_New_New","ST676","35F","S. pneumoniae",58,587,"-","-","-","-","-","-","-","-","-","-","-","-"]
["CAPIT034_D1-1","SAMN25118905","SRR21202175","ERS13449344","ERR10183335","Higher + longer",{"v":32.81866073608398,"d":"33"},"Full-PCV","South West","No","",0.06,"S",0.06,"S",0,4,0,0,"New",40,"0_0_New","ST4346","35B","S. pneumoniae",9,72,"-","-","-","-","-","-","-","-","-","-","-","-"]
["CAPIT035_D1-1","SAMN25118906","SRR21202164","ERS13449345","ERR10183336","Lower + shorter",{"v":44.71090698242188,"d":"45"},"Full-PCV","South West","No","",0.03,"S",0.01,"S",1,4,0,2,187,2,"1_0_187","ST199","19A","S. pneumoniae",6,4,"-","-","-","-","-","-","-","-","-","-","-","-"]
["CAPIT035_D1-2","SAMN25118907","SRR21202153","ERS13449346","ERR10183337","Lower + shorter",{"v":44.71090698242188,"d":"45"},"Full-PCV","South West","No","",0.03,"S",0.01,"S",0,4,0,1,2,0,"0_0_2","Unknown ST","35B","S. pneumoniae",9,72,"-","-","-","-","-","-","-","-","-","-","-","-"]
["CAPIT035_D29-1","SAMN25118908","SRR21202252","ERS13449347","ERR10183338","Lower + shorter",{"v":44.71090698242188,"d":"45"},"Full-PCV","South West","No","",0.03,"S",0.01,"S",2,2,0,1,2,1,"2_0_2","ST193","21","S. pneumoniae",4,11,"-",{"v":0.99,"d":"99%"},"-","-","-","-","-","-","-","-","-","-"]
["CAPIT036_D1-1","SAMN25118909","SRR21202251","ERS13449348","ERR10183339","Lower + longer",{"v":21.55059051513672,"d":"22"},"Full-PCV","South West","No","",0.03,"S",0.01,"S",2,4,6,2,0,2,"2_6_0","ST62","11A","S. pneumoniae",1,3,"-","-","-","-","-","-","-","-","-","-","-","-"]
["CAPIT037_D1-1","SAMN25118910","SRR21202250","ERS13449349","ERR10183340","Lower + longer",{"v":19.31668853759766,"d":"19"},"Full-PCV","South West","No","",0.03,"S",0.01,"S",1,3,0,0,0,1,"1_0_0","ST3811","15A","S. pneumoniae",2,6,"-","-","-","-","-","-","-","-","-","-","-","-"]
["CAPIT038_D1-1","SAMN25118911","SRR21202249","ERS13449350","ERR10183341","Lower + shorter",{"v":65.73587036132812,"d":"66"},"Full-PCV","South West","No","",0.03,"S",0.03,"S",2,3,3,2,2,0,"2_3_2","ST180","03","S. pneumoniae",12,12,"-","-","-","-","-","-","-","-","-","-","-","-"]
["CAPIT039_D1-1","SAMN25118912","SRR21202248","ERS13449351","ERR10183342","Lower + longer",{"v":65.73587036132812,"d":"66"},"Full-PCV","South West","No","",0.03,"S",0.01,"S",3,5,6,2,5,3,"3_6_5","ST53","08","S. pneumoniae",26,3,"-","-","-","-","-","-","-","-","-","-","-","-"]
["CAPIT040_D1-1","SAMN25118913","SRR21202247","ERS13449352","ERR10183343","Higher + longer",{"v":17.08278656005859,"d":"17"},"Full-PCV","South West","No","",0.03,"S",0.01,"S",11,4,0,1,0,2,"11_0_0","ST392","17F","S. pneumoniae",16,49,"-","-","-","-","-","-","-","-","-","-","-","-"]
["CAPIT041_D29-1","SAMN25118914","SRR21202246","ERS13449353","ERR10183344","Lower + shorter",{"v":12.64783191680908,"d":"13"},"Full-PCV","South West","No","",0.01,"S",0.01,"S",2,3,6,2,0,2,"2_6_0","ST62","11A","S. pneumoniae",1,3,"-","-","-","-","-","-","-","-","-","-","-","-"]
["CAPIT042_D1-1","SAMN25118915","SRR21202245","ERS13449354","ERR10183345","Lower + longer",{"v":28.15374565124512,"d":"28"},"Full-PCV","South West","No","",0.03,"S",0.01,"S",0,4,0,0,3,1,"0_0_3","ST1635","35F","S. pneumoniae",5,36,"-","-","-","-","-","-","-","-","-","-","-","-"]
["CAPIT043_D1-1","SAMN25118916","SRR21202244","ERS13449355","ERR10183346","Higher + longer",{"v":10.64388942718506,"d":"11"},"Partial-PCV","South West","No","",0.03,"S",0.01,"S",0,4,0,1,2,1,"0_0_2","ST8711","15B/C","S. pneumoniae",3,11,"-","-","-","-","-","-","-","-","-","-","-","-"]
["CAPIT044_D1-1","SAMN25118917","SRR21202243","ERS13449356","ERR10183347","Lower + longer",{"v":40.47306060791016,"d":"40"},"Full-PCV","South West","No","",0.03,"S",0.01,"S",11,4,0,1,0,2,"11_0_0","ST392","17F","S. pneumoniae",16,49,"-","-","-","-","-","-","-","-","-","-","-","-"]
["CAPIT045_D1-1","SAMN25118918","SRR21202241","ERS13449357","ERR10183348","Lower + shorter",{"v":62.41786956787109,"d":"62"},"Full-PCV","South West","No","",0.03,"S",0.03,"S",1,4,0,0,0,2,"1_0_0","ST66","09N","S. pneumoniae",24,16,"-","-","-","-","-","-","-","-","-","-","-","-"]
["CAPIT046_D1-1","SAMN25118919","SRR21202240","ERS13449358","ERR10183349","Lower + longer",{"v":77.00394439697266,"d":"77"},"Full-PCV","South West","No","",0.03,"S",0.03,"S",0,3,0,0,3,1,"0_0_3","ST673","33F","S. pneumoniae",57,3,"-","-","-","-","-","-","-","-","-","-","-","-"]
["CAPIT047_D1-1","SAMN25118920","SRR21202239","ERS13449359","ERR10183350","Higher + shorter",{"v":34.72404861450195,"d":"35"},"Full-PCV","South West","No","",0.03,"S",0.01,"S",2,2,0,1,2,1,"2_0_2","ST193","21","S. pneumoniae",4,11,"-","-","-","-","-","-","-","-","-","-","-","-"]
["CAPIT048_D1-1","SAMN25118921","SRR21202238","ERS13449360","ERR10183351","Higher + shorter",{"v":20.17082786560059,"d":"20"},"Full-PCV","South West","No","",0.03,"S",0.03,"S",2,3,10,2,2,1,"2_10_2","ST6524","10B","S. pneumoniae",56,139,{"v":1,"d":"100%"},"-","-","-","-",{"v":0.99,"d":"99%"},"-","-","-","-","-","Yes"]
["CAPIT049_D1-1","SAMN25118922","SRR21202237","ERS13449361","ERR10183352","Lower + shorter",{"v":26.14980316162109,"d":"26"},"Full-PCV","South West","No","",0.03,"S",0.01,"S",0,6,0,0,2,1,"0_0_2","ST816","10A","S. pneumoniae",15,36,"-","-","-","-","-","-","-","-","-","-","-","-"]
["CAPIT050_D1-1","SAMN25118923","SRR21202236","ERS13449362","ERR10183353","Lower + shorter",{"v":21.45203590393066,"d":"21"},"Full-PCV","South West","No","",0.03,"S",0.03,"S",0,4,0,2,0,2,"0_0_0","ST2220","15B/C","S. pneumoniae",6,4,"-","-","-","-","-","-","-","-","-","-","-","-"]
["CAPIT050_D29-1","SAMN25118924","SRR21202235","ERS13449363","ERR10183354","Lower + shorter",{"v":21.45203590393066,"d":"21"},"Full-PCV","South West","No","",0.125,"I",0.06,"S",0,3,1,40,1,54,"0_1_1","ST1373","23B1","S. pneumoniae",20,5,"-","-","-","-","-","-","-","-","-","-","-","-"]
["CAPIT051_D1-1","SAMN25118925","SRR21202234","ERS13449364","ERR10183355","Lower + longer",{"v":24.21156311035156,"d":"24"},"Full-PCV","South West","No","",0.03,"S",0.01,"S",1,4,2,3,2,0,"1_2_2","ST433","22F","S. pneumoniae",11,19,"-","-","-","-","-","-","-","-","-","-","-","-"]
["CAPIT052_D1-1","SAMN25118926","SRR21202233","ERS13449365","ERR10183356","Higher + longer",{"v":23.16031455993652,"d":"23"},"Full-PCV","South West","No","",0.01,"S",0.01,"S",2,3,6,2,0,2,"2_6_0","ST62","11A","S. pneumoniae",1,3,"-","-","-","-","-","-","-","-","-","-","-","-"]
["CAPIT053_D1-1","SAMN25118927","SRR21202232","ERS13449366","ERR10183357","Lower + shorter",{"v":13.53482246398926,"d":"14"},"Full-PCV","South West","No","",0.125,"I",0.03,"S",7,50,1,40,1,54,"7_1_1","ST1349","23B1","S. pneumoniae",7,5,"-","-","-","-","-","-","-","-","-","-","-","-"]
["CAPIT054_D1-1","SAMN25118928","SRR21202230","ERS13449367","ERR10183358","Higher + longer",{"v":43.134033203125,"d":"43"},"Full-PCV","South West","No","",0.125,"I",0.06,"S",0,3,1,40,1,54,"0_1_1","ST1373","23B1","S. pneumoniae",20,5,"-","-","-","-","-","-","-","-","-","-","-","-"]
["CAPIT055_D1-1","SAMN25118929","SRR21202229","ERS13449368","ERR10183359","Lower + longer",{"v":44.08672714233398,"d":"44"},"Full-PCV","South West","No","",0.03,"S",0.03,"S",0,4,0,1,0,3,"0_0_0","ST452","35B","S. pneumoniae",25,75,"-","-","-","-","-","-","-","-","-","-","-","-"]
["CAPIT055_D29-1","SAMN25118930","SRR21202228","ERS13449369","ERR10183360","Lower + longer",{"v":44.08672714233398,"d":"44"},"Full-PCV","South West","No","",0.25,"I",0.06,"S",7,50,1,40,1,54,"7_1_1","ST1349","23B1","S. pneumoniae",7,5,"-","-","-","-","-","-","-","-","-","-","-","-"]
["CAPIT056_D1-1","SAMN25118931","SRR21202227","ERS13449370","ERR10183361","Lower + longer",{"v":44.08672714233398,"d":"44"},"Full-PCV","South West","No","",0.03,"S",0.03,"S",0,4,6,3,2,0,"0_6_2","ST30","16F","S. pneumoniae",19,46,"-","-","-","-","-","-","-","-","-","-","-","-"]
["CAPIT056_D29-1","SAMN25118932","SRR21202226","ERS13449371","ERR10183362","Lower + longer",{"v":44.08672714233398,"d":"44"},"Full-PCV","South West","No","",0.03,"S",0.01,"S",2,3,6,2,0,2,"2_6_0","ST62","11A","S. pneumoniae",1,3,"-","-","-","-","-","-","-","-","-","-","-","-"]
["CAPIT057_D1-1","SAMN25118933","SRR21202224","ERS13449372","ERR10183363","Higher + longer",{"v":18.65965843200684,"d":"19"},"Full-PCV","South West","No","",0.03,"S",0.03,"S",2,2,0,1,2,1,"2_0_2","ST193","21","S. pneumoniae",4,11,"-","-","-","-","-","-","-","-","-","-","-","-"]
["CAPIT058_D1-1","SAMN25118934","SRR21202223","ERS13449373","ERR10183364","Higher + shorter",{"v":39.52036666870117,"d":"40"},"Full-PCV","South West","No","",0.03,"S",0.01,"S",2,2,0,1,0,1,"2_0_0","ST3423","19F","S. pneumoniae",33,119,"-","-","-","-","-","-","-","-","-","-","-","-"]
["CAPIT059_D29-1","SAMN25118935","SRR21202222","ERS13449374","ERR10183365","Higher + shorter",{"v":34.32983016967773,"d":"34"},"Full-PCV","South West","No","",2,"I","2","R",4,88,12,20,7,74,"4_12_7","ST156","35B","S. pneumoniae",2,6,"-","-","-","-","-","-",{"v":1,"d":"100%"},{"v":1,"d":"100%"},"-","-","-","No"]
["CAPIT060_D1-1","SAMN25118936","SRR21202221","ERS13449375","ERR10183366","Higher + longer",{"v":13.99474334716797,"d":"14"},"Full-PCV","South West","No","",0.03,"S",0.03,"S",2,3,0,1,2,1,"2_0_2","ST1262","15B/C","S. pneumoniae",3,11,"-","-","-","-","-","-","-","-","-","-","-","-"]
["CAPIT061_D29-1","SAMN25118937","SRR21202024","ERS13449376","ERR10183367","Higher + shorter",{"v":31.53745079040527,"d":"32"},"Full-PCV","South West","No","",0.03,"S",0.01,"S",2,3,0,1,2,1,"2_0_2","ST1262","15B/C","S. pneumoniae",3,11,"-","-","-","-","-","-","-","-","-","-","-","-"]
["CAPIT062_D1-1","SAMN25118938","SRR21202022","ERS13449377","ERR10183368","Higher + shorter",{"v":14.7174768447876,"d":"15"},"Full-PCV","South West","No","",0.03,"S",0.01,"S",1,3,0,0,0,1,"1_0_0","ST3811","15A","S. pneumoniae",2,6,"-","-","-","-","-","-","-","-","-","-","-","-"]
["CAPIT063_D1-1","SAMN25118939","SRR21202021","ERS13449378","ERR10183369","Higher + longer",{"v":41.09724044799805,"d":"41"},"Full-PCV","South West","No","",0.01,"S",0.01,"S",2,3,6,2,0,2,"2_6_0","ST62","11A","S. pneumoniae",1,3,"-","-","-","-","-","-","-","-","-","-","-","-"]
["CAPIT064_D1-1","SAMN25118940","SRR21202020","ERS13449379","ERR10183370","Lower + longer",{"v":15.40735912322998,"d":"15"},"Full-PCV","South West","No","",0.03,"S",0.03,"S",2,3,0,1,6,3,"2_0_6","ST100","33F","S. pneumoniae",18,3,"-","-","-","-","-","-","-","-","-","-","-","-"]
["CAPIT064_D29-1","SAMN25118941","SRR21202019","ERS13449380","ERR10183371","Lower + longer",{"v":15.40735912322998,"d":"15"},"Full-PCV","South West","No","",0.01,"S",0.01,"S",0,6,0,0,53,2,"0_0_53","ST1551","10A","S. pneumoniae",17,35,"-","-","-","-","-","-","-","-","-","-","-","-"]
["CAPIT065_D1-1","SAMN25118942","SRR21202018","ERS13449381","ERR10183372","Lower + shorter",{"v":18.49540138244629,"d":"18"},"Full-PCV","South West","No","",0.03,"S",0.01,"S",2,3,0,1,2,1,"2_0_2","ST1262","15B/C","S. pneumoniae",3,11,"-","-","-","-","-","-","-","-","-","-","-","-"]
["CAPIT066_USV-1","SAMN25118943","SRR21202017","ERS13449382","ERR10183373","Lower + longer",{"v":6.208935737609863,"d":"6"},"Partial-PCV","South West","No","",0.03,"S",0.01,"S",0,4,0,0,3,1,"0_0_3","ST1635","35F","S. pneumoniae",5,36,"-","-","-","-","-","-","-","-","-","-","-","-"]
["CAPIT067_D1-1","SAMN25118944","SRR21202016","ERS13449383","ERR10183374","Lower + longer",{"v":30.45335006713867,"d":"30"},"Full-PCV","South West","No","",0.06,"S",0.03,"S",23,5,4,2,77,17,"23_4_77","ST8060","12F","S. pneumoniae",21,55,"-",{"v":0.99,"d":"99%"},"-","-","-","-","-","-","-","-","-","-"]
["CAPIT067_D29-1","SAMN25118945","SRR21202015","ERS13449384","ERR10183375","Lower + longer",{"v":30.45335006713867,"d":"30"},"Full-PCV","South West","No","",0.01,"S",0.01,"S",2,2,0,1,2,1,"2_0_2","ST193","21","S. pneumoniae",4,11,"-",{"v":0.99,"d":"99%"},"-","-","-","-","-","-","-","-","-","-"]
["CAPIT068_D1-1","SAMN25118946","SRR21202014","ERS13449385","ERR10183376","Lower + shorter",{"v":27.72667503356934,"d":"28"},"Full-PCV","South West","No","",0.01,"S",0.01,"S",2,3,0,1,2,1,"2_0_2","ST1262","15B/C","S. pneumoniae",3,11,"-","-","-","-","-","-","-","-","-","-","-","-"]
["CAPIT069_D1-1","SAMN25118947","SRR21202013","ERS13449386","ERR10183377","Higher + longer",{"v":19.18528175354004,"d":"19"},"Full-PCV","South West","No","",0.03,"S",0.01,"S",1,4,2,3,2,0,"1_2_2","ST433","22F","S. pneumoniae",11,19,"-","-","-","-","-","-","-","-","-","-","-","-"]
["CAPIT070_D1-1","SAMN25118948","SRR21202011","ERS13449387","ERR10183378","Higher + shorter",{"v":37.51642608642578,"d":"38"},"Full-PCV","South West","No","",0.25,"I",0.06,"S",7,50,1,40,1,54,"7_1_1","ST1349","23B1","S. pneumoniae",7,5,"-","-","-","-","-","-","-","-","-","-","-","-"]
["CAPIT071_D29-1","SAMN25118949","SRR21202010","ERS13449388","ERR10183379","Higher + shorter",{"v":47.24047470092773,"d":"47"},"Full-PCV","South West","No","",0.25,"I",0.06,"S",7,50,1,40,1,54,"7_1_1","ST1349","23B1","S. pneumoniae",7,5,"-","-","-","-","-","-","-","-","-","-","-","-"]
["CAPIT072_D29-1","SAMN25118950","SRR21202009","ERS13449389","ERR10183380","Lower + shorter",{"v":41.68856811523438,"d":"42"},"Full-PCV","South West","Yes","Amoxicillin",0.03,"S",0.03,"S",2,2,0,1,6,3,"2_0_6","ST438","23A","S. pneumoniae",8,7,"-","-","-","-","-","-","-","-","-","-","-","-"]
["CAPIT073_D29-1","SAMN25118951","SRR21202008","ERS13449390","ERR10183381","Lower + longer",{"v":50.29566192626953,"d":"50"},"Full-PCV","South West","No","",0.03,"S",0.03,"S",2,4,4,2,0,1,"2_4_0","ST393","38","S. pneumoniae",23,38,"-","-","-","-","-","-","-","-","-","-","-","-"]
["CAPIT074_D1-1","SAMN25118952","SRR21202007","ERS13449391","ERR10183382","Higher + longer",{"v":9.559789657592773,"d":"10"},"Partial-PCV","South West","No","",0.03,"S",0.01,"S",2,2,0,0,0,2,"2_0_0","ST766","15B/C","S. pneumoniae",55,131,{"v":1,"d":"100%"},"-","-","-",{"v":1,"d":"100%"},"-","-","-","-","-","-","No"]
["CAPIT074_D1-2","SAMN25118953","SRR21202006","ERS13449392","ERR10183383","Higher + longer",{"v":9.559789657592773,"d":"10"},"Partial-PCV","South West","No","",0.03,"S",0.03,"S",2,4,4,2,0,1,"2_4_0","ST393","38","S. pneumoniae",23,38,"-","-","-","-","-","-","-","-","-","-","-","-"]
["CAPIT075_D1-1","SAMN25118954","SRR21202005","ERS13449393","ERR10183384","Higher + longer",{"v":40.14454650878906,"d":"40"},"Full-PCV","South West","No","",0.03,"S",0.01,"S",0,4,0,2,0,2,"0_0_0","ST199","15B/C","S. pneumoniae",6,4,"-","-","-","-","-","-","-","-","-","-","-","-"]
["CAPIT076_D29-1","SAMN25118955","SRR21202004","ERS13449394","ERR10183385","Lower + longer",{"v":23.25886917114258,"d":"23"},"Full-PCV","South West","No","",0.03,"S",0.01,"S",2,3,6,2,0,2,"2_6_0","ST62","11A","S. pneumoniae",1,3,"-","-","-","-","-","-","-","-","-","-","-","-"]
["CAPIT077_D1-1","SAMN25118956","SRR21202003","ERS13449395","ERR10183386","Lower + longer",{"v":36.26807022094727,"d":"36"},"Full-PCV","South West","Yes","Amoxicillin",0.03,"S",0.01,"S",0,4,0,0,2,0,"0_0_2","ST198","35B","S. pneumoniae",9,72,"-","-","-","-","-","-","-","-","-","-","-","-"]
["CAPIT078_D1-1","SAMN25118957","SRR21202002","ERS13449396","ERR10183387","Higher + shorter",{"v":27.66097259521484,"d":"28"},"Full-PCV","South West","Yes","Amoxicillin",0.03,"S",0.03,"S",2,4,0,0,3,1,"2_0_3","ST177","07C","S. pneumoniae",10,44,"-","-","-","-","-","-","-","-","-","-","-","-"]
["CAPIT079_D1-1","SAMN25118958","SRR21202000","ERS13449397","ERR10183388","Higher + longer",{"v":29.73061752319336,"d":"30"},"Full-PCV","South West","Yes","Amoxicillin",0.01,"S",0.01,"S",1,4,2,3,2,0,"1_2_2","ST433","22F","S. pneumoniae",11,19,"-","-","-","-","-","-","-","-","-","-","-","-"]
["CAPIT079_D1-2","SAMN25118959","SRR21201999","ERS13449398","ERR10183389","Higher + longer",{"v":29.73061752319336,"d":"30"},"Full-PCV","South West","Yes","Amoxicillin",0.01,"S",0.03,"S",2,3,0,1,2,0,"2_0_2","ST180","03","S. pneumoniae",30,12,"-","-","-","-","-","-","-","-","-","-",{"v":1,"d":"100%"},"No"]
["CAPIT080_D1-1","SAMN25118960","SRR21201998","ERS13449399","ERR10183390","Higher + longer",{"v":26.6097240447998,"d":"27"},"Full-PCV","South West","Yes","Amoxicillin",0.03,"S",0.01,"S",1,3,0,0,0,1,"1_0_0","ST3811","15A","S. pneumoniae",2,6,"-","-","-","-","-","-","-","-","-","-","-","-"]
["CAPIT081_D1-1","SAMN25118961","SRR21201997","ERS13449400","ERR10183391","Higher + shorter",{"v":19.25098609924316,"d":"19"},"Full-PCV","South West","Yes","Amoxicillin",0.03,"S",0.01,"S",1,4,2,3,2,0,"1_2_2","ST433","22F","S. pneumoniae",11,19,"-","-","-","-","-","-","-","-","-","-","-","-"]
["CAPIT082_D1-1","SAMN25118962","SRR21201996","ERS13449401","ERR10183392","Higher + longer",{"v":12.61498069763184,"d":"13"},"Full-PCV","Wales","No","",0.03,"S",0.01,"S",0,4,0,1,0,3,"0_0_0","ST452","35B","S. pneumoniae",25,75,"-","-","-","-","-","-","-","-","-","-","-","-"]
["CAPIT083_D1-1","SAMN25118963","SRR21201995","ERS13449402","ERR10183393","Lower + shorter",{"v":20.13797569274902,"d":"20"},"Full-PCV","Wales","No","",0.03,"S",0.03,"S",2,3,0,1,2,1,"2_0_2","ST1262","15B/C","S. pneumoniae",3,11,"-","-","-","-","-","-","-","-","-","-","-","-"]
["CAPIT084_D1-1","SAMN25118964","SRR21201994","ERS13449403","ERR10183394","Higher + shorter",{"v":52.98948669433594,"d":"53"},"Full-PCV","Wales","No","",0.01,"S",0.01,"S",2,3,6,2,0,2,"2_6_0","ST62","11A","S. pneumoniae",1,3,"-","-","-","-","-","-","-","-","-","-","-","-"]
["CAPIT085_D29-1","SAMN25118965","SRR21201993","ERS13449404","ERR10183395","Higher + longer",{"v":35.15111541748047,"d":"35"},"Full-PCV","Wales","No","",0.03,"S",0.03,"S",0,3,4,2,2,0,"0_4_2","ST398","06C","S. pneumoniae",29,13,"-","-","-","-","-","-","-","-","-","-","-","-"]
["CAPIT086_D1-1","SAMN25118966","SRR21201992","ERS13449405","ERR10183396","Lower + shorter",{"v":37.02365493774414,"d":"37"},"Full-PCV","Wales","No","",0.01,"S",0.01,"S",78,4,0,0,0,1,"78_0_0","ST162","Serogroup 24","S. pneumoniae",2,6,"-","-","-","-","-","-","-","-","-","-","-","-"]
["CAPIT087_USV-1","SAMN25118967","SRR21201991","ERS13449406","ERR10183397","Lower + longer",{"v":17.31274604797363,"d":"17"},"Full-PCV","Wales","No","",0.01,"S",0.01,"S",0,6,0,0,2,1,"0_0_2","ST816","10A","S. pneumoniae",15,36,"-","-","-","-","-","-","-","-","-","-","-","-"]
["CAPIT088_D1-1","SAMN25118968","SRR21202217","ERS13449407","ERR10183398","Higher + longer",{"v":39.61892318725586,"d":"40"},"Full-PCV","Wales","Yes","Amoxicillin",0.03,"S",0.03,"S",0,4,0,0,2,0,"0_0_2","ST198","35B","S. pneumoniae",9,72,"-","-","-","-","-","-","-","-","-","-","-","-"]
["CAPIT089_D29-1","SAMN25118969","SRR21202216","ERS13449408","ERR10183399","Lower + longer",{"v":14.15900135040283,"d":"14"},"Full-PCV","Wales","Yes","Amoxicillin",0.03,"S",0.01,"S",12,4,0,0,0,3,"12_0_0","ST1766","31","S. pneumoniae",27,57,"-","-","-","-","-","-","-","-","-","-","-","-"]
["CAPIT090_D1-1","SAMN25118970","SRR21202215","ERS13449409","ERR10183400","Lower + shorter",{"v":54.30354690551758,"d":"54"},"Full-PCV","Wales","Yes","Amoxicillin",0.25,"I","0.25","S",7,50,1,40,"New",42,"7_1_New","ST7438","16F","S. pneumoniae",54,386,"-","-","-","-","-","-","-","-","-","-","-","-"]
["CAPIT090_D29-1","SAMN25118971","SRR21202214","ERS13449410","ERR10183401","Lower + shorter",{"v":54.30354690551758,"d":"54"},"Full-PCV","Wales","Yes","Amoxicillin",0.03,"S",0.03,"S",0,3,4,2,2,0,"0_4_2","ST398","06C","S. pneumoniae",29,13,"-","-","-","-","-","-","-","-","-","-","-","-"]
["CAPIT091_D1-1","SAMN25118972","SRR21202213","ERS13449411","ERR10183402","Higher + longer",{"v":16.06438827514648,"d":"16"},"Full-PCV","Wales","Yes","Amoxicillin",0.01,"S",0.01,"S",0,4,0,0,2,0,"0_0_2","ST198","35B","S. pneumoniae",9,72,"-","-","-","-","-","-","-","-","-","-","-","-"]
["CAPIT092_D1-1","SAMN25118973","SRR21202212","ERS13449412","ERR10183403","Lower + shorter",{"v":27.98948669433594,"d":"28"},"Full-PCV","North West","No","",0.03,"S",0.01,"S",1,3,0,0,0,1,"1_0_0","ST3811","15A","S. pneumoniae",2,6,"-","-","-","-","-","-","-","-","-","-","-","-"]
["CAPIT092_D29-1","SAMN25118974","SRR21202211","ERS13449413","ERR10183404","Lower + shorter",{"v":27.98948669433594,"d":"28"},"Full-PCV","North West","No","",0.03,"S",0.01,"S",2,2,0,1,6,3,"2_0_6","ST992","23A","S. pneumoniae",8,7,"-","-","-","-","-","-","-","-","-","-","-","-"]
["CAPIT093_D1-1","SAMN25118975","SRR21202210","ERS13449414","ERR10183405","Lower + longer",{"v":13.73193168640137,"d":"14"},"Full-PCV","North West","No","",0.25,"I","0.125","S",7,50,1,40,171,42,"7_1_171","ST1349","23B1","S. pneumoniae",7,5,"-","-","-","-","-","-","-","-","-","-","-","-"]
["CAPIT094_D29-1","SAMN25118976","SRR21202209","ERS13449415","ERR10183406","Lower + shorter",{"v":32.49014282226563,"d":"32"},"Full-PCV","North West","Yes","Amoxicillin",0.01,"S",0.01,"S",2,2,0,1,2,1,"2_0_2","ST193","21","S. pneumoniae",4,11,"-",{"v":0.99,"d":"99%"},"-","-","-","-","-","-","-","-","-","-"]
["CAPIT094_USV-1","SAMN25118977","SRR21202208","ERS13449416","ERR10183407","Lower + shorter",{"v":32.49014282226563,"d":"32"},"Full-PCV","North West","Yes","Amoxicillin",0.03,"S",0.01,"S",2,3,0,1,2,1,"2_0_2","ST1262","15B/C","S. pneumoniae",3,11,"-","-","-","-","-","-","-","-","-","-","-","-"]
["CAPIT095_D29-1","SAMN25118978","SRR21202206","ERS13449417","ERR10183408","Higher + longer",{"v":21.45203590393066,"d":"21"},"Full-PCV","North West","Yes","Amoxicillin",0.03,"S",0.01,"S",2,3,0,1,2,1,"2_0_2","ST8711","15B/C","S. pneumoniae",3,11,"-","-","-","-","-","-","-","-","-","-","-","-"]
["CAPIT096_D1-1","SAMN25118979","SRR21202205","ERS13449418","ERR10183409","Higher + longer",{"v":10.97240447998047,"d":"11"},"Partial-PCV","North West","Yes","Amoxicillin",0.125,"I",0.03,"S",7,50,1,40,1,54,"7_1_1","ST1349","23B1","S. pneumoniae",7,5,"-","-","-","-","-","-","-","-","-","-","-","-"]
["CAPIT097_D1-1","SAMN25118980","SRR21202204","ERS13449419","ERR10183410","Lower + longer",{"v":41.62286376953125,"d":"42"},"Full-PCV","North West","Yes","Amoxicillin",0.01,"S",0.01,"S",2,2,0,1,2,1,"2_0_2","ST193","21","S. pneumoniae",4,11,"-",{"v":0.99,"d":"99%"},"-","-","-","-","-","-","-","-","-","-"]
["CAPIT098_D1-1","SAMN25118981","SRR21202203","ERS13449420","ERR10183411","Higher + shorter",{"v":9.855453491210938,"d":"10"},"Partial-PCV","North West","Yes","Amoxicillin",0.03,"S",0.03,"S",0,4,0,1,0,3,"0_0_0","ST452","35B","S. pneumoniae",25,75,"-","-","-","-","-","-","-","-","-","-","-","-"]
["CAPIT098_D29-1","SAMN25118982","SRR21202202","ERS13449421","ERR10183412","Higher + shorter",{"v":9.855453491210938,"d":"10"},"Partial-PCV","North West","Yes","Amoxicillin",0.03,"S",0.03,"S",2,4,4,2,0,1,"2_4_0","ST393","38","S. pneumoniae",23,38,"-","-","-","-","-","-","-","-","-","-","-","-"]
["CAPIT099_D1-1","SAMN25118983","SRR21202201","ERS13449422","ERR10183413","Higher + shorter",{"v":33.18002700805664,"d":"33"},"Full-PCV","North West","No","",0.03,"S",0.01,"S",0,6,0,0,2,1,"0_0_2","ST2068","10A","S. pneumoniae",15,36,"-","-","-","-","-","-","-","-","-","-","-","-"]
["CAPIT100_D1-1","SAMN25118984","SRR21202200","ERS13449423","ERR10183414","Higher + longer",{"v":12.68068313598633,"d":"13"},"Full-PCV","London","No","",0.03,"S",0.01,"S",2,3,0,1,3,1,"2_0_3","ST8927","34","S. pneumoniae",53,260,"-","-","-","-","-","-","-","-","-","-","-","-"]
["CAPIT100_D29-1","SAMN25118985","SRR21202199","ERS13449424","ERR10183415","Higher + longer",{"v":12.68068313598633,"d":"13"},"Full-PCV","London","No","",0.03,"S",0.01,"S",1,4,0,0,0,2,"1_0_0","ST66","09N","S. pneumoniae",24,16,"-","-","-","-","-","-","-","-","-","-","-","-"]
["CAPIT101_D1-1","SAMN25118986","SRR21202198","ERS13449425","ERR10183416","Lower + longer",{"v":70.99211883544922,"d":"71"},"Full-PCV","London","No","",0.03,"S",0.01,"S",1,4,0,0,0,2,"1_0_0","ST66","09N","S. pneumoniae",24,16,"-","-","-","-","-","-","-","-","-","-","-","-"]
["CAPIT102_D1-1","SAMN25118987","SRR21202197","ERS13449426","ERR10183417","Higher + shorter",{"v":30.38764762878418,"d":"30"},"Full-PCV","London","No","",0.01,"S",0.01,"S",2,2,0,1,6,3,"2_0_6","ST438","23A","S. pneumoniae",8,7,"-","-","-","-","-","-","-","-","-","-","-","-"]
["CAPIT103_D1-1","SAMN25118988","SRR21202195","ERS13449427","ERR10183418","Lower + shorter",{"v":29.40210342407227,"d":"29"},"Full-PCV","London","No","",0.03,"S",0.01,"S",0,6,0,0,53,2,"0_0_53","ST1551","10A","S. pneumoniae",null,35,"-","-","-","-","-","-","-","-","-","-","-","-"]
["CAPIT104_D1-1","SAMN25118989","SRR21202194","ERS13449428","ERR10183419","Lower + longer",{"v":37.94349670410156,"d":"38"},"Full-PCV","London","No","",0.06,"S",0.01,"S",23,6,4,2,139,26,"23_4_139","ST9972","19F","S. pneumoniae",10,44,{"v":0.99,"d":"99%"},"-","-","-","100%,99%","-","-","-",{"v":1,"d":"100%"},"-","-","Yes"]
["CAPIT105_D1-1","SAMN25118990","SRR21202193","ERS13449429","ERR10183420","Higher + longer",{"v":36.53087997436523,"d":"37"},"Full-PCV","London","No","",0.01,"S",0.01,"S",0,6,0,0,2,1,"0_0_2","ST2068","10A","S. pneumoniae",15,36,"-","-","-","-","-","-","-","-","-","-","-","-"]
["CAPIT106_D1-1","SAMN25118991","SRR21202192","ERS13449430","ERR10183421","Lower + longer",{"v":51.41261672973633,"d":"51"},"NA","London","No","",0.03,"S",0.03,"S",2,3,3,2,2,0,"2_3_2","ST180","03","S. pneumoniae",12,12,"-","-","-","-","-","-","-","-","-","-","-","-"]
["CAPIT107_D1-1","SAMN25118992","SRR21202191","ERS13449431","ERR10183422","Higher + shorter",{"v":19.25098609924316,"d":"19"},"Full-PCV","London","No","",0.03,"S",0.01,"S",2,3,6,2,0,2,"2_6_0","ST62","11A","S. pneumoniae",1,3,"-","-","-","-","-","-","-","-","-","-","-","-"]
["CAPIT108_D1-1","SAMN25118993","SRR21202190","ERS13449432","ERR10183423","Lower + longer",{"v":14.7174768447876,"d":"15"},"Full-PCV","London","No","",0.01,"S",0.01,"S",2,3,6,2,0,2,"2_6_0","ST62","11A","S. pneumoniae",1,3,"-","-","-","-","-","-","-","-","-","-","-","-"]
["CAPIT108_D29-1","SAMN25118994","SRR21202189","ERS13449433","ERR10183424","Lower + longer",{"v":14.7174768447876,"d":"15"},"Full-PCV","London","No","",0.01,"S",0.01,"S",12,4,0,0,0,3,"12_0_0","ST1766","31","S. pneumoniae",27,57,"-","-","-","-","-","-","-","-","-","-","-","-"]
["CAPIT109_D1-1","SAMN25118995","SRR21202188","ERS13449434","ERR10183425","Lower + shorter",{"v":15.27595233917236,"d":"15"},"Full-PCV","London","No","",0.01,"S",0.01,"S",2,3,6,2,0,2,"2_6_0","ST62","11A","S. pneumoniae",1,3,"-","-","-","-","-","-","-","-","-","-","-","-"]
["CAPIT110_D1-1","SAMN25118996","SRR21202187","ERS13449435","ERR10183426","Lower + longer",{"v":30.25624084472656,"d":"30"},"Full-PCV","London","No","",2,"I","2","R","New",108,"New",30,7,75,"New_New_7","ST8356","Non-typeable/NCC2a","S. pneumoniae",14,60,{"v":1,"d":"100%"},"-","-","-",{"v":1,"d":"100%"},{"v":0.99,"d":"99%"},"-","-","-","-","-","Yes"]
["CAPIT111_D1-1","SAMN25118997","SRR21202186","ERS13449436","ERR10183427","Higher + shorter",{"v":51.64257431030273,"d":"52"},"Full-PCV","London","No","",0.25,"I",0.06,"S",7,50,1,40,1,54,"7_1_1","ST1349","23B1","S. pneumoniae",7,5,"-","-","-","-","-","-","-","-","-","-","-","-"]
["CAPIT112_D29-1","SAMN25118998","SRR21202152","ERS13449437","ERR10183428","Lower + shorter",{"v":28.71222114562988,"d":"29"},"Full-PCV","London","No","",0.25,"I","0.125","S",24,39,27,16,77,17,"24_27_77","ST14400","15A","S. pneumoniae",13,9,{"v":0.99,"d":"99%"},"-","-","-",{"v":1,"d":"100%"},{"v":0.99,"d":"99%"},"-","-","-","-","-","No"]
["CAPIT113_D29-1","SAMN25118999","SRR21202151","ERS13449438","ERR10183429","Lower + shorter",{"v":61.5637321472168,"d":"62"},"Full-PCV","London","No","",0.125,"I",0.25,"S",86,56,16,24,126,55,"86_16_126","ST14236","Non-typeable/NCC2a","S. pneumoniae",14,60,{"v":0.99,"d":"99%"},"-","-","-","-",{"v":0.99,"d":"99%"},{"v":1,"d":"100%"},{"v":1,"d":"100%"},"-","-","-","Yes"]
["CAPIT114_D29-1","SAMN25119000","SRR21202150","ERS13449439","ERR10183430","Higher + longer",{"v":48.85019683837891,"d":"49"},"Full-PCV","North East","Yes","Amoxicillin",0.01,"S",0.01,"S",2,3,0,1,2,0,"2_0_2","ST180","03","S. pneumoniae",30,12,"-","-","-","-","-","-","-","-","-","-","-","-"]
["CAPIT115_D1-1","SAMN25119001","SRR21202149","ERS13449440","ERR10183431","Lower + shorter",{"v":25.85413932800293,"d":"26"},"Full-PCV","North East","Yes","Amoxicillin",0.01,"S",0.01,"S",1,3,0,0,0,1,"1_0_0","ST3811","15A","S. pneumoniae",2,6,"-","-","-","-","-","-","-","-","-","-","-","-"]
["CAPIT115_D29-1","SAMN25119002","SRR21202148","ERS13449441","ERR10183432","Lower + shorter",{"v":25.85413932800293,"d":"26"},"Full-PCV","North East","Yes","Amoxicillin",0.03,"S",0.01,"S",2,2,0,1,0,2,"2_0_0","ST8606","17F","S. pneumoniae",16,49,"-","-","-","-","-","-","-","-","-","-","-","-"]
["CAPIT116_D1-1","SAMN25119003","SRR21202147","ERS13449442","ERR10183433","Lower + longer",{"v":53.64651870727539,"d":"54"},"Full-PCV","London","No","",0.25,"I",0.03,"S",24,39,27,16,28,27,"24_27_28","ST9355","15A","S. pneumoniae",13,9,{"v":0.99,"d":"99%"},"-","-","-",{"v":1,"d":"100%"},{"v":0.99,"d":"99%"},"-","-","-","-","-","No"]
["CAPIT116_D29-1","SAMN25119004","SRR21202146","ERS13449443","ERR10183434","Lower + longer",{"v":53.64651870727539,"d":"54"},"Full-PCV","London","No","",0.01,"S",0.01,"S",0,4,0,0,2,0,"0_0_2","ST547","34","S. pneumoniae",52,45,"-","-","-","-","-","-","-","-","-","-","-","-"]
["CAPIT117_D1-1","SAMN25119005","SRR21202145","ERS13449444","ERR10183435","Lower + shorter",{"v":28.35085487365723,"d":"28"},"Full-PCV","London","No","",0.01,"S",0.01,"S",2,3,6,2,0,2,"2_6_0","ST62","11A","S. pneumoniae",1,3,"-","-","-","-","-","-","-","-","-","-","-","-"]
["CAPIT117_D29-1","SAMN25119006","SRR21202144","ERS13449445","ERR10183436","Lower + shorter",{"v":28.35085487365723,"d":"28"},"Full-PCV","London","No","",0.01,"S",0.01,"S",2,3,0,0,6,3,"2_0_6","ST717","33F","S. pneumoniae",18,3,{"v":1,"d":"100%"},"-","-","-",{"v":1,"d":"100%"},{"v":0.99,"d":"99%"},"-","-","-","-","-","Yes"]
["CAPIT118_D1-1","SAMN25119007","SRR21202143","ERS13449446","ERR10183437","Higher + longer",{"v":30.7818660736084,"d":"31"},"Full-PCV","London","No","",0.03,"S",0.01,"S",0,4,0,0,2,0,"0_0_2","ST198","35B","S. pneumoniae",9,72,"-","-","-","-","-","-","-","-","-","-","-","-"]
["CAPIT119_D1-1","SAMN25119008","SRR21202141","ERS13449447","ERR10183438","Higher + shorter",{"v":53.08804321289063,"d":"53"},"Full-PCV","London","No","",0.01,"S",0.01,"S",2,3,3,2,2,0,"2_3_2","ST180","03","S. pneumoniae",12,12,"-","-","-","-","-","-","-","-","-","-","-","-"]
["CAPIT119_D1-2","SAMN25119009","SRR21202140","ERS13449448","ERR10183439","Higher + shorter",{"v":53.08804321289063,"d":"53"},"Full-PCV","London","No","",0.03,"S",0.03,"S",0,4,0,0,3,1,"0_0_3","ST1635","35F","S. pneumoniae",5,36,"-","-","-","-","-","-","-","-","-","-","-","-"]
["CAPIT120_D1-1","SAMN25119010","SRR21202139","ERS13449449","ERR10183440","Lower + longer",{"v":13.5676736831665,"d":"14"},"Full-PCV","London","No","",0.03,"S",0.03,"S",0,4,0,1,0,3,"0_0_0","ST5139","15A","S. pneumoniae",51,11,"-","-","-","-","-","-","-","-","-","-","-","-"]
["CAPIT121_D29-1","SAMN25119011","SRR21202138","ERS13449450","ERR10183441","Higher + shorter",{"v":33.80420684814453,"d":"34"},"Full-PCV","London","No","",0.01,"S",0.01,"S",2,3,6,2,0,2,"2_6_0","ST62","11A","S. pneumoniae",1,3,"-","-","-","-","-","-","-","-","-","-","-","-"]
["CAPIT122_D1-1","SAMN25119012","SRR21202137","ERS13449451","ERR10183442","Lower + shorter",{"v":34.98685836791992,"d":"35"},"Full-PCV","London","No","",0.03,"S",0.01,"S",2,2,4,2,3,1,"2_4_3","ST473","10A","S. pneumoniae",50,"NA",{"v":0.99,"d":"99%"},"-","-","-","-",{"v":0.99,"d":"99%"},"-","-","-","-","-","Yes"]
["CAPIT123_D1-1","SAMN25119013","SRR21202136","ERS13449452","ERR10183443","Higher + longer",{"v":15.04599189758301,"d":"15"},"Full-PCV","London","No","",0.03,"S",0.01,"S",0,4,0,0,3,2,"0_0_3","ST1635","35F","S. pneumoniae",5,36,"-","-","-","-","-","-","-","-","-","-","-","-"]
["CAPIT124_D1-1","SAMN25119014","SRR21202135","ERS13449453","ERR10183444","Higher + longer",{"v":29.76346969604492,"d":"30"},"Full-PCV","London","No","",0.03,"S",0.01,"S",0,4,0,0,2,0,"0_0_2","ST198","35B","S. pneumoniae",9,72,"-","-","-","-","-","-","-","-","-","-","-","-"]
["CAPIT125_D1-1","SAMN25119015","SRR21202134","ERS13449454","ERR10183445","Higher + longer",{"v":54.00788497924805,"d":"54"},"Full-PCV","London","No","",0.01,"S",0.01,"S",2,3,0,0,2,0,"2_0_2","ST180","03","S. pneumoniae",30,12,{"v":0.99,"d":"99%"},"-","-","-","-",{"v":0.99,"d":"99%"},"-","-","-","-","-","Yes"]
["CAPIT126_D1-1","SAMN25119016","SRR21202133","ERS13449455","ERR10183446","Higher + shorter",{"v":30.12483596801758,"d":"30"},"Full-PCV","London","No","",0.03,"S",0.03,"S",2,3,3,2,2,0,"2_3_2","ST180","03","S. pneumoniae",12,12,"-","-","-","-","-","-","-","-","-","-","-","-"]
["CAPIT126_D1-2","SAMN25119017","SRR21202132","ERS13449456","ERR10183447","Higher + shorter",{"v":30.12483596801758,"d":"30"},"Full-PCV","London","No","",0.03,"S",0.03,"S",2,3,0,1,2,1,"2_0_2","ST1262","15B/C","S. pneumoniae",3,11,"-",{"v":0.99,"d":"99%"},"-","-","-","-","-","-","-","-","-","-"]
["CAPIT127_D29-1","SAMN25119018","SRR21202130","ERS13449457","ERR10183448","Lower + shorter",{"v":7.227332592010498,"d":"7"},"Partial-PCV","London","No","",0.03,"S",0.01,"S",0,4,0,2,0,2,"0_0_0","ST667","19A","S. pneumoniae",6,4,"-","-","-","-","-","-","-","-","-","-","-","-"]
["CAPIT128_D1-1","SAMN25119019","SRR21202129","ERS13449458","ERR10183449","Lower + longer",{"v":23.5873851776123,"d":"24"},"Full-PCV","London","No","",0.01,"S",0.01,"S",0,3,0,1,2,1,"0_0_2","ST432","21","S. pneumoniae",49,99,"-","-","-","-","-","-","-","-","-","-","-","-"]
["CAPIT129_D1-1","SAMN25119020","SRR21202128","ERS13449459","ERR10183450","Lower + shorter",{"v":42.01708221435547,"d":"42"},"No-PCV","London","No","",0.01,"S",0.01,"S",2,3,0,1,2,1,"2_0_2","ST1262","15B/C","S. pneumoniae",3,11,"-","-","-","-","-","-","-","-","-","-","-","-"]
["CAPIT130_D29-1","SAMN25119021","SRR21202127","ERS13449460","ERR10183451","Lower + longer",{"v":14.15900135040283,"d":"14"},"Full-PCV","London","No","",0.01,"S",0.01,"S",11,4,4,1,0,3,"11_4_0","ST447","37","S. pneumoniae",48,123,"-","-","-","-","-","-","-","-","-","-","-","-"]
["CAPIT131_D1-1","SAMN25119022","SRR21202126","ERS13449461","ERR10183452","Lower + shorter",{"v":60.97240447998047,"d":"61"},"Full-PCV","London","No","",0.01,"S",0.01,"S",86,56,82,4,162,4,"86_82_162","ST448","Non-typeable/NCC2a","S. pneumoniae",14,60,"-","-","-","-","-","-","-","-","-","-","-","-"]
["CAPIT132_D1-1","SAMN25119023","SRR21202125","ERS13449462","ERR10183453","Higher + shorter",{"v":57.49014282226563,"d":"57"},"Full-PCV","London","No","",0.25,"I",0.06,"S",7,50,1,40,1,54,"7_1_1","ST1349","23B1","S. pneumoniae",7,5,"-","-","-","-","-","-","-","-","-","-","-","-"]
["CAPIT133_D1-1","SAMN25119024","SRR21202124","ERS13449463","ERR10183454","Higher + shorter",{"v":16.95137977600098,"d":"17"},"Full-PCV","London","No","",0.125,"I",0.06,"S",0,3,1,40,1,54,"0_1_1","ST1373","23B1","S. pneumoniae",20,5,"-","-","-","-","-","-","-","-","-","-","-","-"]
["CAPIT134_D29-1","SAMN25119025","SRR21202123","ERS13449464","ERR10183455","Lower + shorter",{"v":27.69382476806641,"d":"28"},"Full-PCV","London","No","",0.03,"S",0.01,"S",0,4,"New",1,3,1,"0_New_3","ST446","35F","S. pneumoniae",5,36,"-","-","-","-","-","-","-","-","-","-","-","-"]
["CAPIT135_D1-1","SAMN25119026","SRR21202122","ERS13449465","ERR10183456","Higher + longer",{"v":54.07358551025391,"d":"54"},"Full-PCV","London","Yes","Amoxicillin",0.01,"S",0.01,"S",1,3,0,0,0,1,"1_0_0","ST3811","15A","S. pneumoniae",2,6,"-","-","-","-","-","-","-","-","-","-","-","-"]
["CAPIT136_D1-1","SAMN25119027","SRR21202121","ERS13449466","ERR10183457","Lower + shorter",{"v":70.79500579833984,"d":"71"},"Full-PCV","London","No","",0.01,"S",0.01,"S",2,3,3,2,2,0,"2_3_2","ST180","03","S. pneumoniae",12,12,"-","-","-","-","-","-","-","-","-","-","-","-"]
["CAPIT137_D1-1","SAMN25119028","SRR21201989","ERS13449467","ERR10183458","Lower + shorter",{"v":61.13666152954102,"d":"61"},"No-PCV","London","No","",0.125,"I",0.03,"S",7,50,67,9,1,54,"7_67_1","ST2372","23B1","S. pneumoniae",7,5,"-","-","-","-","-","-","-","-","-","-","-","-"]
["CAPIT138_D1-1","SAMN25119029","SRR21201988","ERS13449468","ERR10183459","Higher + longer",{"v":38.89619064331055,"d":"39"},"Full-PCV","London","No","",0.01,"S",0.01,"S",0,3,0,0,3,1,"0_0_3","ST58","15A","S. pneumoniae",32,140,"-","-","-","-","-","-","-","-","-","-","-","-"]
["CAPIT139_D1-1","SAMN25119030","SRR21201987","ERS13449469","ERR10183460","Lower + longer",{"v":21.48488807678223,"d":"21"},"Full-PCV","London","Yes","Co-amoxiclav",0.125,"I","0.125","S",23,5,27,16,77,17,"23_27_77","ST3774","12F","S. pneumoniae",21,55,"-",{"v":0.99,"d":"99%"},"-","-","-","-","-","-","-","-","-","-"]
["CAPIT140_D1-1","SAMN25119031","SRR21201986","ERS13449470","ERR10183461","Higher + longer",{"v":16.95137977600098,"d":"17"},"Full-PCV","London","Yes","Amoxicillin",0.03,"S",0.01,"S",0,6,0,0,53,2,"0_0_53","ST1551","10A","S. pneumoniae",17,35,"-","-","-","-","-","-","-","-","-","-","-","-"]
["CAPIT141_USV-1","SAMN25119032","SRR21201985","ERS13449471","ERR10183462","Higher + shorter",{"v":16.03153800964355,"d":"16"},"Full-PCV","London","Yes","Amoxicillin",0.25,"I",0.03,"S",24,39,27,16,28,27,"24_27_28","ST9355","15A","S. pneumoniae",13,9,{"v":0.99,"d":"99%"},"-","-","-",{"v":1,"d":"100%"},{"v":0.99,"d":"99%"},"-","-","-","-","-","No"]
["CAPIT142_D29-1","SAMN25119033","SRR21201984","ERS13449472","ERR10183463","Higher + shorter",{"v":33.18002700805664,"d":"33"},"Full-PCV","London","Yes","Amoxicillin",0.03,"S",0.01,"S",2,2,"New",2,2,1,"2_New_2","ST193","21","S. pneumoniae",4,11,"-","-","-","-","-","-","-","-","-","-","-","-"]
["CAPIT143_D29-1","SAMN25119034","SRR21201983","ERS13449473","ERR10183464","Higher + longer",{"v":51.64257431030273,"d":"52"},"Full-PCV","London","Yes","Amoxicillin",0.03,"S",0.01,"S",78,4,0,0,0,1,"78_0_0","ST162","Serogroup 24","S. pneumoniae",2,6,"-","-","-","-","-","-","-","-","-","-","-","-"]
["CAPIT144_D1-1","SAMN25119035","SRR21201982","ERS13449474","ERR10183465","Lower + shorter",{"v":16.59001350402832,"d":"17"},"Full-PCV","London","Yes","Amoxicillin",0.125,"I","0.125","S",2,3,53,18,77,18,"2_53_77","ST386","06C","S. pneumoniae",47,47,{"v":0.99,"d":"99%"},"-","-","-",{"v":1,"d":"100%"},{"v":0.99,"d":"99%"},"-","-","-","-","-","Yes"]
["CAPIT145_D29-1","SAMN25119036","SRR21201981","ERS13449475","ERR10183466","Higher + shorter",{"v":38.60052490234375,"d":"39"},"Full-PCV","London","Yes","Amoxicillin",0.03,"S",0.01,"S",2,4,0,0,3,1,"2_0_3","ST177","07C","S. pneumoniae",10,44,"-","-","-","-","-","-","-","-","-","-","-","-"]
["CAPIT146_D1-1","SAMN25119037","SRR21201980","ERS13449476","ERR10183467","Lower + longer",{"v":18.19973754882813,"d":"18"},"Full-PCV","London","Yes","Amoxicillin",0.01,"S",0.01,"S",2,3,0,1,2,1,"2_0_2","ST1262","15B/C","S. pneumoniae",3,11,"-",{"v":0.99,"d":"99%"},"-","-","-","-","-","-","-","-","-","-"]
["CAPIT147_D29-1","SAMN25119038","SRR21201978","ERS13449477","ERR10183468","Lower + longer",{"v":17.11563682556152,"d":"17"},"Full-PCV","London","Yes","Amoxicillin",0.06,"S",0.06,"S",0,4,0,0,"New",40,"0_0_New","ST4346","35B","S. pneumoniae",9,72,"-","-","-","-","-","-","-","-","-","-","-","-"]
["CAPIT148_D1-1","SAMN25119039","SRR21201977","ERS13449478","ERR10183469","Lower + shorter",{"v":46.84625625610352,"d":"47"},"Full-PCV","London","Yes","Amoxicillin",0.03,"S",0.01,"S",0,4,0,2,0,2,"0_0_0","ST199","15B/C","S. pneumoniae",6,4,"-","-","-","-","-","-","-","-","-","-","-","-"]
["CAPIT149_D1-1","SAMN25119040","SRR21201976","ERS13449479","ERR10183470","Lower + longer",{"v":15.44021034240723,"d":"15"},"Full-PCV","London","Yes","Amoxicillin",0.03,"S",0.01,"S",0,4,0,0,3,1,"0_0_3","ST1635","35F","S. pneumoniae",5,36,"-","-","-","-","-","-","-","-","-","-","-","-"]
["CAPIT150_D29-1","SAMN25119041","SRR21201975","ERS13449480","ERR10183471","Lower + shorter",{"v":15.14454650878906,"d":"15"},"Full-PCV","London","Yes","Amoxicillin",0.03,"S",0.01,"S",0,4,0,2,0,2,"0_0_0","ST2220","15B/C","S. pneumoniae",6,4,"-","-","-","-","-","-","-","-","-","-","-","-"]
["CAPIT151_D1-1","SAMN25119042","SRR21201974","ERS13449481","ERR10183472","Higher + shorter",{"v":22.56898880004883,"d":"23"},"No-PCV","London","Yes","Amoxicillin",0.03,"S",0.01,"S",2,3,0,1,2,1,"2_0_2","ST8711","15B/C","S. pneumoniae",3,11,"-","-","-","-","-","-","-","-","-","-","-","-"]
["CAPIT152_D1-1","SAMN25119043","SRR21201973","ERS13449482","ERR10183473","Higher + longer",{"v":19.87516403198242,"d":"20"},"Full-PCV","London","Yes","Amoxicillin",2,"I","8","R",15,57,76,39,"New",73,"15_76_New","ST6521","11A","S. pneumoniae",2,6,"-","-","-","-","-","-","-","-","-","-","-","-"]
["CAPIT153_D1-1","SAMN25119044","SRR21201972","ERS13449483","ERR10183474","Lower + shorter",{"v":29.53350830078125,"d":"30"},"Full-PCV","London","Yes","Amoxicillin",0.01,"S",0.01,"S",12,4,0,0,0,3,"12_0_0","ST1766","31","S. pneumoniae",27,57,"-","-","-","-","-","-","-","-","-","-","-","-"]
["CAPIT154_D1-1","SAMN25119045","SRR21201971","ERS13449484","ERR10183475","Lower + longer",{"v":17.08278656005859,"d":"17"},"Full-PCV","London","Yes","Amoxicillin",0.03,"S",0.01,"S",2,2,0,1,6,3,"2_0_6","ST992","23A","S. pneumoniae",8,7,"-","-","-","-","-","-","-","-","-","-","-","-"]
["CAPIT155_D29-1","SAMN25119046","SRR21201970","ERS13449485","ERR10183476","Higher + longer",{"v":31.34034156799316,"d":"31"},"Full-PCV","London","No","",1,"I","1","I",25,101,7,30,56,74,"25_7_56","ST8991","Non-typeable/NCC2b","S. pneumoniae",28,81,{"v":0.96,"d":"96%"},"-","-","-",{"v":1,"d":"100%"},{"v":0.99,"d":"99%"},"-","-",{"v":1,"d":"100%"},"-","-","Yes"]
["CAPIT156_D1-1","SAMN25119047","SRR21201969","ERS13449486","ERR10183477","Lower + longer",{"v":25.2628116607666,"d":"25"},"Full-PCV","London","No","",0.03,"S",0.01,"S",2,3,0,1,2,1,"2_0_2","ST1262","15B/C","S. pneumoniae",3,11,"-","-","-","-","-","-","-","-","-","-","-","-"]
["CAPIT157_D1-1","SAMN25119048","SRR21201967","ERS13449487","ERR10183478","Lower + longer",{"v":28.41655731201172,"d":"28"},"Full-PCV","London","No","",0.03,"S",0.03,"S",2,2,0,1,2,1,"2_0_2","ST193","21","S. pneumoniae",4,11,"-","-","-","-","-","-","-","-","-","-","-","-"]
["CAPIT158_D1-1","SAMN25119049","SRR21201966","ERS13449488","ERR10183479","Higher + longer",{"v":12.35216808319092,"d":"12"},"Full-PCV","London","Yes","Amoxicillin",0.25,"I",0.03,"S",24,39,27,16,28,27,"24_27_28","ST9355","15A","S. pneumoniae",13,9,{"v":0.99,"d":"99%"},"-","-","-",{"v":1,"d":"100%"},{"v":0.99,"d":"99%"},"-","-","-","-","-","No"]
["CAPIT159_D1-1","SAMN25119050","SRR21201965","ERS13449489","ERR10183480","Lower + shorter",{"v":49.90144729614258,"d":"50"},"Full-PCV","London","No","",0.03,"S",0.03,"S",1,4,0,0,0,2,"1_0_0","ST66","09N","S. pneumoniae",24,16,"-","-","-","-","-","-","-","-","-","-","-","-"]
["CAPIT160_D1-1","SAMN25119051","SRR21201964","ERS13449490","ERR10183481","Higher + shorter",{"v":11.8265438079834,"d":"12"},"Partial-PCV","London","No","",0.03,"S",0.03,"S",0,4,0,2,0,2,"0_0_0","ST2220","15B/C","S. pneumoniae",6,4,"-","-","-","-","-","-","-","-","-","-","-","-"]
["CAPIT161_D1-1","SAMN25119052","SRR21201963","ERS13449491","ERR10183482","Lower + longer",{"v":22.79894828796387,"d":"23"},"Full-PCV","London","No","",0.125,"I","0.125","S",24,39,27,16,"New",52,"24_27_New","ST11218","15A","S. pneumoniae",13,9,{"v":0.99,"d":"99%"},"-","-","-",{"v":1,"d":"100%"},{"v":0.99,"d":"99%"},"-","-","-","-","-","No"]
["CAPIT161_D1-2","SAMN25119053","SRR21201962","ERS13449492","ERR10183483","Lower + longer",{"v":22.79894828796387,"d":"23"},"Full-PCV","London","No","",0.03,"S",0.01,"S",12,4,0,0,0,3,"12_0_0","ST1766","31","S. pneumoniae",27,57,"-","-","-","-","-","-","-","-","-","-","-","-"]
["CAPIT162_D1-1","SAMN25119054","SRR21201961","ERS13449493","ERR10183484","Higher + shorter",{"v":56.93166732788086,"d":"57"},"Full-PCV","London","Yes","Amoxicillin",0.25,"I","0.25","S",67,36,27,16,35,24,"67_27_35","ST63","15A","S. pneumoniae",13,9,{"v":0.99,"d":"99%"},"-","-","-",{"v":0.99,"d":"99%"},{"v":0.99,"d":"99%"},"-","-","-","-","-","No"]
["CAPIT163_D1-1","SAMN25119055","SRR21201960","ERS13449494","ERR10183485","Lower + longer",{"v":15.30880451202393,"d":"15"},"Full-PCV","London","Yes","Amoxicillin",0.03,"S",0.01,"S",2,3,6,2,0,2,"2_6_0","ST62","11A","S. pneumoniae",1,3,"-","-","-","-","-","-","-","-","-","-","-","-"]
["CAPIT164_D1-1","SAMN25119056","SRR21201959","ERS13449495","ERR10183486","Higher + shorter",{"v":21.15637397766113,"d":"21"},"Full-PCV","London","Yes","Amoxicillin",0.03,"S",0.01,"S",2,3,6,2,0,2,"2_6_0","ST62","11A","S. pneumoniae",1,3,"-","-","-","-","-","-","-","-","-","-","-","-"]
["CAPIT165_D1-1","SAMN25119057","SRR21201926","ERS13449496","ERR10183487","Lower + shorter",{"v":24.77003860473633,"d":"25"},"Full-PCV","Scotland","No","",0.25,"I","0.125","S","New",25,"New",11,"New",29,"New_New_New","Unknown ST","15F","S. pneumoniae",46,84,{"v":0.99,"d":"99%"},"-","-","-",{"v":1,"d":"100%"},{"v":0.99,"d":"99%"},"-","-","-","-","-","Yes"]
["CAPIT165_D29-1","SAMN25119058","SRR21201924","ERS13449497","ERR10183488","Lower + shorter",{"v":24.77003860473633,"d":"25"},"Full-PCV","Scotland","No","",0.03,"S",0.03,"S",2,2,0,1,6,3,"2_0_6","ST438","23A","S. pneumoniae",8,7,"-","-","-","-","-","-","-","-","-","-","-","-"]
["CAPIT166_D1-1","SAMN25119059","SRR21202225","ERS13449498","ERR10183489","Higher + longer",{"v":24.21156311035156,"d":"24"},"Full-PCV","Scotland","No","",0.03,"S",0.03,"S",2,2,0,1,6,3,"2_0_6","ST438","23A","S. pneumoniae",8,7,"-","-","-","-","-","-","-","-","-","-","-","-"]
["CAPIT167_D1-1","SAMN25119060","SRR21202313","ERS13449499","ERR10183490","Lower + longer",{"v":27.4967155456543,"d":"27"},"Full-PCV","Scotland","No","",0.03,"S",0.01,"S",0,4,0,0,3,1,"0_0_3","ST1635","35F","S. pneumoniae",5,36,"-","-","-","-","-","-","-","-","-","-","-","-"]
["CAPIT167_D29-1","SAMN25119061","SRR21202312","ERS13449500","ERR10183491","Lower + longer",{"v":27.4967155456543,"d":"27"},"Full-PCV","Scotland","No","",0.03,"S",0.01,"S",0,6,0,0,2,1,"0_0_2","ST2068","10A","S. pneumoniae",15,36,"-","-","-","-","-","-","-","-","-","-","-","-"]
["CAPIT168_D1-1","SAMN25119062","SRR21202311","ERS13449501","ERR10183492","Lower + longer",{"v":20.6307487487793,"d":"21"},"Full-PCV","Scotland","No","",0.03,"S",0.03,"S",2,2,0,1,2,1,"2_0_2","ST3689","21","S. pneumoniae",4,11,"-",{"v":0.99,"d":"99%"},"-","-","-","-","-","-","-","-","-","-"]
["CAPIT169_D1-1","SAMN25119063","SRR21202310","ERS13449502","ERR10183493","Higher + shorter",{"v":40.73587417602539,"d":"41"},"Full-PCV","Scotland","No","",0.03,"S",0.03,"S",12,4,0,0,0,2,"12_0_0","ST8289","31","S. pneumoniae",45,57,"-","-","-","-","-","-","-","-","-","-","-","-"]
["CAPIT170_D1-1","SAMN25119064","SRR21202309","ERS13449503","ERR10183494","Lower + shorter",{"v":18.82391548156738,"d":"19"},"Full-PCV","Scotland","Yes","Amoxicillin",0.01,"S",0.01,"S",2,2,0,1,2,1,"2_0_2","ST1877","21","S. pneumoniae",4,11,"-",{"v":0.99,"d":"99%"},"-","-","-","-","-","-","-","-","-","-"]
["CAPIT171_D1-1","SAMN25119065","SRR21202308","ERS13449504","ERR10183495","Higher + longer",{"v":16.22864723205566,"d":"16"},"Full-PCV","North East","No","",0.03,"S",0.03,"S",0,4,6,3,2,0,"0_6_2","ST30","16F","S. pneumoniae",19,46,"-","-","-","-","-","-","-","-","-","-","-","-"]
["CAPIT172_D1-1","SAMN25119066","SRR21202307","ERS13449505","ERR10183496","Lower + shorter",{"v":24.80289077758789,"d":"25"},"Full-PCV","South East","No","",0.03,"S",0.03,"S",0,4,0,1,2,0,"0_0_2","ST2690","35B","S. pneumoniae",44,72,"-","-","-","-","-","-","-","-","-","-","-","-"]
["CAPIT173_D1-1","SAMN25119067","SRR21202306","ERS13449506","ERR10183497","Higher + shorter",{"v":61.69513702392578,"d":"62"},"Full-PCV","South East","No","",0.125,"I","0.125","S",55,58,60,7,43,75,"55_60_43","ST4145","Non-typeable/NCC2a","S. pneumoniae",28,81,{"v":0.98,"d":"98%"},"-","-","-",{"v":1,"d":"100%"},{"v":0.99,"d":"99%"},"-","-",{"v":1,"d":"100%"},"-","-","Yes"]
["CAPIT174_D1-1","SAMN25119068","SRR21202303","ERS13449507","ERR10183498","Lower + longer",{"v":21.9776611328125,"d":"22"},"Full-PCV","South East","Yes","Amoxicillin",0.03,"S",0.03,"S",1,3,0,0,0,1,"1_0_0","ST3811","15A","S. pneumoniae",2,6,"-","-","-","-","-","-","-","-","-","-","-","-"]
["CAPIT174_D1-2","SAMN25119069","SRR21202302","ERS13449508","ERR10183499","Lower + longer",{"v":21.9776611328125,"d":"22"},"Full-PCV","South East","Yes","Amoxicillin",0.03,"S",0.03,"S",3,5,6,2,5,3,"3_6_5","ST53","08","S. pneumoniae",26,3,"-","-","-","-","-","-","-","-","-","-","-","-"]
["CAPIT175_D1-1","SAMN25119070","SRR21202301","ERS13449509","ERR10183500","Lower + shorter",{"v":12.15505886077881,"d":"12"},"Full-PCV","London","No","",0.03,"S",0.01,"S",0,4,0,0,3,1,"0_0_3","ST1635","35F","S. pneumoniae",5,36,"-","-","-","-","-","-","-","-","-","-","-","-"]
["CAPIT176_D29-1","SAMN25119071","SRR21202300","ERS13449510","ERR10183501","Higher + shorter",{"v":37.6149787902832,"d":"38"},"Full-PCV","London","No","",0.03,"S",0.01,"S",2,2,0,1,2,1,"2_0_2","ST193","21","S. pneumoniae",4,11,"-","-","-","-","-","-","-","-","-","-","-","-"]
["CAPIT176_D1-1","SAMN25119072","SRR21202299","ERS13449511","ERR10183502","Higher + shorter",{"$error":"#N/A"},"Full-PCV","London","No","",0.03,"S",0.01,"S",0,4,0,2,0,2,"0_0_0","ST199","15B/C","S. pneumoniae",6,4,"-","-","-","-","-","-","-","-","-","-","-","-"]
["CAPIT177_D1-1","SAMN25119073","SRR21202298","ERS13449512","ERR10183503","Higher + shorter",{"v":12.84494113922119,"d":"13"},"Full-PCV","London","No","",0.01,"S",0.01,"S",2,3,6,2,0,2,"2_6_0","ST62","11A","S. pneumoniae",1,3,"-","-","-","-","-","-","-","-","-","-","-","-"]
["CAPIT178_D1-1","SAMN25119074","SRR21202297","ERS13449513","ERR10183504","Lower + longer",{"v":40.47306060791016,"d":"40"},"Full-PCV","London","No","",0.03,"S",0.01,"S",2,3,0,1,2,1,"2_0_2","ST1262","15B/C","S. pneumoniae",3,11,"-","-","-","-","-","-","-","-","-","-","-","-"]
["CAPIT179_D1-1","SAMN25119075","SRR21202296","ERS13449514","ERR10183505","Higher + longer",{"v":32.85151290893555,"d":"33"},"Full-PCV","London","No","",0.01,"S",0.01,"S",2,3,0,1,2,1,"2_0_2","ST1262","15B/C","S. pneumoniae",3,11,"-",{"v":0.99,"d":"99%"},"-","-","-","-","-","-","-","-","-","-"]
["CAPIT180_D1-1","SAMN25119076","SRR21202295","ERS13449515","ERR10183506","Lower + shorter",{"v":39.22470474243164,"d":"39"},"Full-PCV","London","No","",0.01,"S",0.01,"S",0,4,0,0,3,1,"0_0_3","ST446","35F","S. pneumoniae",5,36,"-","-","-","-","-","-","-","-","-","-","-","-"]
["CAPIT181_D1-1","SAMN25119077","SRR21202294","ERS13449516","ERR10183507","Lower + longer",{"v":52.2010498046875,"d":"52"},"Full-PCV","London","No","",2,"I","2","R",13,76,"New",18,43,78,"13_New_43","ST63","15A","S. pneumoniae",13,9,{"v":0.99,"d":"99%"},"-","-","-",{"v":1,"d":"100%"},{"v":0.99,"d":"99%"},"-","-","-","-","-","No"]
["CAPIT182_D29-1","SAMN25119078","SRR21202292","ERS13449517","ERR10183508","Lower + longer",{"v":26.74113082885742,"d":"27"},"Full-PCV","London","No","",0.03,"S",0.01,"S",1,4,0,2,0,2,"1_0_0","ST199","15B/C","S. pneumoniae",6,4,"-","-","-","-","-","-","-","-","-",{"v":0.98,"d":"98%"},"-","No"]
["CAPIT183_D1-1","SAMN25119079","SRR21202291","ERS13449518","ERR10183509","Lower + shorter",{"v":51.14980316162109,"d":"51"},"Full-PCV","London","No","",0.03,"S",0.03,"S",2,3,0,0,2,0,"2_0_2","ST73","15A","S. pneumoniae",43,16,"-","-","-","-","-","-","-","-","-","-","-","-"]
["CAPIT184_D1-1","SAMN25119080","SRR21202290","ERS13449519","ERR10183510","Higher + longer",{"v":14.22470474243164,"d":"14"},"Full-PCV","London","No","",0.03,"S",0.01,"S",0,4,0,2,0,2,"0_0_0","ST2220","15B/C","S. pneumoniae",6,4,"-","-","-","-","-","-","-","-","-","-","-","-"]
["CAPIT185_D1-1","SAMN25119081","SRR21202289","ERS13449520","ERR10183511","Higher + longer",{"v":14.91458606719971,"d":"15"},"Full-PCV","Yorkshire and the Humber","No","",0.01,"S",0.01,"S",2,3,0,0,6,3,"2_0_6","ST717","33F","S. pneumoniae",18,3,{"v":1,"d":"100%"},"-","-","-",{"v":1,"d":"100%"},{"v":0.99,"d":"99%"},"-","-","-","-","-","Yes"]
["CAPIT186_D1-1","SAMN25119082","SRR21202288","ERS13449521","ERR10183512","Higher + shorter",{"v":12.97634696960449,"d":"13"},"Full-PCV","Yorkshire and the Humber","No","",0.01,"S",0.01,"S",2,3,6,2,0,2,"2_6_0","ST62","11A","S. pneumoniae",1,3,"-","-","-","-","-","-","-","-","-","-","-","-"]
["CAPIT187_D1-1","SAMN25119083","SRR21202287","ERS13449522","ERR10183513","Lower + longer",{"v":18.03548049926758,"d":"18"},"Full-PCV","Yorkshire and the Humber","No","",0.03,"S",0.01,"S",2,2,0,1,6,3,"2_0_6","ST992","23A","S. pneumoniae",8,7,"-","-","-","-","-","-","-","-","-","-","-","-"]
["CAPIT188_D1-1","SAMN25119084","SRR21202286","ERS13449523","ERR10183514","Lower + shorter",{"v":28.18659591674805,"d":"28"},"Full-PCV","Yorkshire and the Humber","No","",0.01,"S",0.01,"S",2,3,0,0,6,3,"2_0_6","ST100","33F","S. pneumoniae",18,3,"-","-","-","-","-","-","-","-","-","-","-","-"]
["CAPIT189_D1-1","SAMN25119085","SRR21202120","ERS13449524","ERR10183515","Higher + shorter",{"v":28.94218063354492,"d":"29"},"NA","East Midlands","No","",0.03,"S",0.01,"S",0,4,0,0,2,0,"0_0_2","ST198","35B","S. pneumoniae",9,72,"-","-","-","-","-","-","-","-","-","-","-","-"]
["CAPIT189_D29-1","SAMN25119086","SRR21202119","ERS13449525","ERR10183516","Higher + shorter",{"v":28.94218063354492,"d":"29"},"NA","East Midlands","No","",0.03,"S",0.01,"S",2,2,0,1,2,1,"2_0_2","ST193","21","S. pneumoniae",4,11,"-",{"v":0.99,"d":"99%"},"-","-","-","-","-","-","-","-","-","-"]
["CAPIT190_D1-1","SAMN25119087","SRR21202118","ERS13449526","ERR10183517","Higher + shorter",{"v":45.82785797119141,"d":"46"},"Full-PCV","East Midlands","No","",0.03,"S",0.01,"S",2,3,0,1,2,1,"2_0_2","ST8711","15B/C","S. pneumoniae",3,11,"-","-","-","-","-","-","-","-","-","-","-","-"]
["CAPIT191_D29-1","SAMN25119088","SRR21202116","ERS13449527","ERR10183518","Lower + longer",{"v":27.16819953918457,"d":"27"},"Full-PCV","East Midlands","Yes","Amoxicillin",0.03,"S",0.03,"S",0,6,0,0,2,1,"0_0_2","ST816","10A","S. pneumoniae",15,36,"-","-","-","-","-","-","-","-","-","-","-","-"]
["CAPIT192_D1-1","SAMN25119089","SRR21202115","ERS13449528","ERR10183519","Lower + longer",{"v":19.25098609924316,"d":"19"},"Full-PCV","East Midlands","No","",0.03,"S",0.01,"S",0,6,0,0,53,2,"0_0_53","ST1551","10A","S. pneumoniae",17,35,"-","-","-","-","-","-","-","-","-","-","-","-"]
["CAPIT193_D1-1","SAMN25119090","SRR21202114","ERS13449529","ERR10183520","Lower + longer",{"v":20.86071014404297,"d":"21"},"NA","East Midlands","No","",0.03,"S",0.01,"S",3,5,6,2,5,3,"3_6_5","ST53","08","S. pneumoniae",26,3,"-","-","-","-","-","-","-","-","-","-","-","-"]
["CAPIT193_D1-2","SAMN25119091","SRR21202113","ERS13449530","ERR10183521","Lower + longer",{"v":20.86071014404297,"d":"21"},"NA","East Midlands","No","",0.03,"S",0.01,"S",11,5,0,1,0,2,"11_0_0","Unknown ST","34","S. pneumoniae",16,49,"-","-","-","-","-","-","-","-","-","-","-","-"]
["CAPIT194_D1-1","SAMN25119092","SRR21202112","ERS13449531","ERR10183522","Higher + longer",{"v":23.25886917114258,"d":"23"},"Full-PCV","East Midlands","No","",0.03,"S",0.01,"S",2,3,0,1,6,3,"2_0_6","ST438","23A","S. pneumoniae",8,7,"-","-","-","-","-","-","-","-","-","-","-","-"]
["CAPIT195_D1-1","SAMN25119093","SRR21202111","ERS13449532","ERR10183523","Higher + shorter",{"v":29.20499420166016,"d":"29"},"Full-PCV","East Midlands","Yes","Amoxicillin",0.01,"S",0.01,"S",78,4,0,0,0,1,"78_0_0","ST162","Serogroup 24","S. pneumoniae",2,6,"-","-","-","-","-","-","-","-","-","-","-","-"]
["CAPIT196_D1-1","SAMN25119094","SRR21202110","ERS13449533","ERR10183524","Higher + longer",{"v":61.72798919677734,"d":"62"},"Full-PCV","East Midlands","No","",0.03,"S",0.01,"S",1,3,0,0,0,1,"1_0_0","ST3811","15A","S. pneumoniae",2,6,"-","-","-","-","-","-","-","-","-","-","-","-"]
["CAPIT196_D29-1","SAMN25119095","SRR21202109","ERS13449534","ERR10183525","Higher + longer",{"v":61.72798919677734,"d":"62"},"Full-PCV","East Midlands","No","",0.03,"S",0.03,"S",0,3,4,2,2,0,"0_4_2","ST398","06C","S. pneumoniae",29,13,"-","-","-","-","-","-","-","-","-","-","-","-"]
["CAPIT197_D1-1","SAMN25119096","SRR21202108","ERS13449535","ERR10183526","Lower + shorter",{"v":43.85676574707031,"d":"44"},"Full-PCV","East Midlands","No","",0.01,"S",0.01,"S",0,4,0,0,3,1,"0_0_3","ST1635","35F","S. pneumoniae",5,36,"-","-","-","-","-","-","-","-","-","-","-","-"]
["CAPIT198_D1-1","SAMN25119097","SRR21202107","ERS13449536","ERR10183527","Higher + shorter",{"v":20.23653030395508,"d":"20"},"Full-PCV","East Midlands","No","",0.03,"S",0.01,"S",2,3,0,1,2,1,"2_0_2","ST8711","15B/C","S. pneumoniae",3,11,"-","-","-","-","-","-","-","-","-","-","-","-"]
["CAPIT199_D29-1","SAMN25119098","SRR21202105","ERS13449537","ERR10183528","Higher + longer",{"v":40.73587417602539,"d":"41"},"Full-PCV","East Midlands","No","",0.03,"S",0.01,"S",2,3,0,0,6,3,"2_0_6","ST100","33F","S. pneumoniae",18,3,"-","-","-","-","-","-","-","-","-","-","-","-"]
["CAPIT200_D1-1","SAMN25119099","SRR21202104","ERS13449538","ERR10183529","Lower + shorter",{"v":18.23258781433105,"d":"18"},"Full-PCV","East Midlands","No","",0.03,"S",0.01,"S",11,4,0,0,0,2,"11_0_0","ST574","13","S. pneumoniae",42,323,"-","-","-","-","-","-","-","-","-","-","-","-"]
["CAPIT201_D1-1","SAMN25119100","SRR21202103","ERS13449539","ERR10183530","Lower + shorter",{"v":20.59789657592773,"d":"21"},"Full-PCV","East Midlands","No","",0.03,"S",0.01,"S",2,3,0,1,2,1,"2_0_2","ST8711","15B/C","S. pneumoniae",3,11,"-","-","-","-","-","-","-","-","-","-","-","-"]
["CAPIT202_D1-1","SAMN25119101","SRR21202102","ERS13449540","ERR10183531","Higher + shorter",{"v":42.93692398071289,"d":"43"},"Full-PCV","East Midlands","No","",0.01,"S",0.01,"S",86,56,82,4,162,4,"86_82_162","ST448","Non-typeable/NCC2a","S. pneumoniae",14,60,"-","-","-","-","-","-","-","-","-","-","-","-"]
["CAPIT202_D29-1","SAMN25119102","SRR21202101","ERS13449541","ERR10183532","Higher + shorter",{"v":42.93692398071289,"d":"43"},"Full-PCV","East Midlands","No","",0.03,"S",0.01,"S",1,4,0,2,187,2,"1_0_187","ST199","19A","S. pneumoniae",6,4,"-","-","-","-","-","-","-","-","-","-","-","-"]
["CAPIT203_D1-1","SAMN25119103","SRR21202100","ERS13449542","ERR10183533","Higher + shorter",{"v":14.42181301116943,"d":"14"},"Full-PCV","East Midlands","No","",0.01,"S",0.01,"S",0,6,0,0,2,0,"0_0_2","ST97","10A","S. pneumoniae",17,35,"-","-","-","-","-","-","-","-","-","-","-","-"]
["CAPIT204_D1-1","SAMN25119104","SRR21202099","ERS13449543","ERR10183534","Higher + shorter",{"v":13.92904090881348,"d":"14"},"Full-PCV","East Midlands","No","",0.25,"I","0.25","S",7,50,12,20,"New",29,"7_12_New","ST156","11A","S. pneumoniae",2,6,"-","-","-","-","-","-","-","-","-","-","-","-"]
["CAPIT205_D1-1","SAMN25119105","SRR21202098","ERS13449544","ERR10183535","Lower + longer",{"v":26.74113082885742,"d":"27"},"Full-PCV","East Midlands","No","",0.03,"S",0.01,"S",0,4,6,3,2,0,"0_6_2","ST30","16F","S. pneumoniae",19,46,"-","-","-","-","-","-","-","-","-","-","-","-"]
["CAPIT206_D1-1","SAMN25119106","SRR21202097","ERS13449545","ERR10183536","Higher + longer",{"v":32.7201042175293,"d":"33"},"Full-PCV","East Midlands","No","",0.01,"S",0.01,"S",1,3,0,0,0,1,"1_0_0","ST3811","15A","S. pneumoniae",2,6,"-","-","-","-","-","-","-","-","-","-","-","-"]
["CAPIT207_D1-1","SAMN25119107","SRR21202096","ERS13449546","ERR10183537","Higher + longer",{"v":11.72798919677734,"d":"12"},"Partial-PCV","East Midlands","No","",0.03,"S",0.01,"S",0,6,0,0,2,1,"0_0_2","ST2068","10A","S. pneumoniae",15,36,"-","-","-","-","-","-","-","-","-","-","-","-"]
["CAPIT208_D1-1","SAMN25119108","SRR21202094","ERS13449547","ERR10183538","Lower + shorter",{"v":41.16294479370117,"d":"41"},"Full-PCV","East Midlands","No","",0.01,"S",0.01,"S",2,3,0,1,2,1,"2_0_2","ST8711","15B/C","S. pneumoniae",3,11,"-","-","-","-","-","-","-","-","-","-","-","-"]
["CAPIT208_D1-2","SAMN25119109","SRR21202093","ERS13449548","ERR10183539","Lower + shorter",{"v":41.16294479370117,"d":"41"},"Full-PCV","East Midlands","No","",0.25,"I",0.03,"S",7,50,67,9,1,54,"7_67_1","ST2372","23B1","S. pneumoniae",7,5,"-","-","-","-","-","-","-","-","-","-","-","-"]
["CAPIT209_D29-1","SAMN25119110","SRR21202092","ERS13449549","ERR10183540","Lower + longer",{"v":39.55321884155273,"d":"40"},"Full-PCV","East Midlands","Yes","Amoxicillin",0.01,"S",0.01,"S",1,4,0,0,0,2,"1_0_0","ST177","Serogroup 24","S. pneumoniae",10,44,"-","-","-","-","-","-","-","-","-","-","-","-"]
["CAPIT210_D29-1","SAMN25119111","SRR21202091","ERS13449550","ERR10183541","Lower + shorter",{"v":13.99474334716797,"d":"14"},"Full-PCV","East Midlands","Yes","Co-amoxiclav",0.01,"S",0.01,"S",1,3,0,0,0,1,"1_0_0","ST3811","15A","S. pneumoniae",2,6,"-","-","-","-","-","-","-","-","-","-","-","-"]
["CAPIT211_D1-1","SAMN25119112","SRR21202090","ERS13449551","ERR10183542","Higher + longer",{"v":11.13666248321533,"d":"11"},"Partial-PCV","East Midlands","Yes","Amoxicillin",0.03,"S",0.01,"S",0,4,0,0,3,1,"0_0_3","ST8604","35F","S. pneumoniae",5,36,"-","-","-","-","-","-","-","-","-","-","-","-"]
["CAPIT211_D29-1","SAMN25119113","SRR21202089","ERS13449552","ERR10183543","Higher + longer",{"v":11.13666248321533,"d":"11"},"Partial-PCV","East Midlands","Yes","Amoxicillin",0.03,"S",0.01,"S",1,3,0,0,0,1,"1_0_0","ST3811","15A","S. pneumoniae",2,6,"-","-","-","-","-","-","-","-","-","-","-","-"]
["CAPIT212_D29-1","SAMN25119114","SRR21202088","ERS13449553","ERR10183544","Higher + longer",{"v":15.83442878723145,"d":"16"},"Full-PCV","London","No","",0.03,"S",0.03,"S",0,4,0,2,0,3,"0_0_0","ST199","15B/C","S. pneumoniae",6,4,"-","-","-","-","-","-","-","-","-","-","-","-"]
["CAPIT213_D1-1","SAMN25119115","SRR21202087","ERS13449554","ERR10183545","Higher + shorter",{"v":47.7989501953125,"d":"48"},"Full-PCV","London","No","",0.03,"S",0.01,"S",0,6,0,0,53,2,"0_0_53","ST1551","10A","S. pneumoniae",17,35,"-","-","-","-","-","-","-","-","-","-","-","-"]
["CAPIT214_D1-1","SAMN25119116","SRR21202086","ERS13449555","ERR10183546","Lower + shorter",{"v":40.53876495361328,"d":"41"},"Full-PCV","London","No","",1,"I","1","I",34,56,32,19,43,72,"34_32_43","ST179","19F","S. pneumoniae",41,44,{"v":0.99,"d":"99%"},"-","-","-",{"v":1,"d":"100%"},{"v":0.98,"d":"98%"},"-","-","-","-","-","Yes"]
["CAPIT215_D29-1","SAMN25119117","SRR21202085","ERS13449556","ERR10183547","Lower + shorter",{"v":12.68068313598633,"d":"13"},"Full-PCV","London","No","",0.01,"S",0.01,"S",1,3,0,0,0,1,"1_0_0","ST162","15B/C","S. pneumoniae",2,6,"-","-","-","-","-","-",{"v":1,"d":"100%"},{"v":1,"d":"100%"},"-","-","-","No"]
["CAPIT216_D29-1","SAMN25119118","SRR21202083","ERS13449557","ERR10183548","Lower + longer",{"v":24.7371883392334,"d":"25"},"Full-PCV","London","No","",0.01,"S",0.01,"S",0,4,0,0,2,0,"0_0_2","ST11227","35D","S. pneumoniae",9,72,"-","-","-","-","-","-","-","-","-","-","-","-"]
["CAPIT217_D1-1","SAMN25119119","SRR21202082","ERS13449558","ERR10183549","Higher + longer",{"v":17.37844848632813,"d":"17"},"Full-PCV","London","No","",0.01,"S",0.01,"S",1,3,0,0,0,1,"1_0_0","ST3811","15A","S. pneumoniae",2,6,"-","-","-","-","-","-","-","-","-","-","-","-"]
["CAPIT218_D1-1","SAMN25119120","SRR21202081","ERS13449559","ERR10183550","Higher + longer",{"v":17.21419143676758,"d":"17"},"Full-PCV","London","No","",0.01,"S",0.01,"S",1,3,0,0,0,1,"1_0_0","ST162","15B/C","S. pneumoniae",2,6,"-","-","-","-","-","-",{"v":1,"d":"100%"},{"v":1,"d":"100%"},"-","-","-","No"]
["CAPIT219_D1-1","SAMN25119121","SRR21202080","ERS13449560","ERR10183551","Lower + shorter",{"v":34.26412582397461,"d":"34"},"Full-PCV","London","No","",0.06,"S",0.03,"S",0,4,0,0,"New",40,"0_0_New","ST4346","35B","S. pneumoniae",9,72,"-","-","-","-","-","-","-","-","-","-","-","-"]
["CAPIT220_D1-1","SAMN25119122","SRR21202079","ERS13449561","ERR10183552","Higher + longer",{"v":13.4362678527832,"d":"13"},"Full-PCV","London","Yes","Amoxicillin",0.01,"S",0.01,"S",1,3,0,0,0,1,"1_0_0","ST162","15B/C","S. pneumoniae",2,6,"-","-","-","-","-","-",{"v":1,"d":"100%"},{"v":1,"d":"100%"},"-","-","-","No"]
["CAPIT221_D1-1","SAMN25119123","SRR21202078","ERS13449562","ERR10183553","Lower + longer",{"v":17.50985527038574,"d":"18"},"Full-PCV","London","Yes","Amoxicillin",0.125,"I","0.125","S",23,5,27,16,77,17,"23_27_77","ST3774","12F","S. pneumoniae",21,55,"-","-","-","-","-","-","-","-","-","-","-","-"]
["CAPIT222_D1-1","SAMN25119124","SRR21202077","ERS13449563","ERR10183554","Higher + shorter",{"v":43.19973754882813,"d":"43"},"Full-PCV","Ireland","No","",0.03,"S",0.03,"S",0,4,0,2,0,1,"0_0_0","ST439","23B","S. pneumoniae",22,7,"-","-","-","-","-","-","-","-","-","-","-","-"]
["CAPIT222_D29-1","SAMN25119125","SRR21202076","ERS13449564","ERR10183555","Higher + shorter",{"v":43.19973754882813,"d":"43"},"Full-PCV","Ireland","No","",0.5,"I","0.25","S","New",91,60,6,"New",70,"New_60_New","Unknown ST","Non-typeable/NCC2b","S. pneumoniae",14,60,"-","-","-","-","-","-","-","-","-","-","-","-"]
["CAPIT223_D1-1","SAMN25119126","SRR21202075","ERS13449565","ERR10183556","Lower + shorter",{"v":34.42838287353516,"d":"34"},"NA","Ireland","No","",0.03,"S",0.03,"S",2,3,0,1,6,3,"2_0_6","ST438","23A","S. pneumoniae",8,7,"-","-","-","-","-","-","-","-","-","-","-","-"]
["CAPIT223_D29-1","SAMN25119127","SRR21202074","ERS13449566","ERR10183557","Lower + shorter",{"v":34.42838287353516,"d":"34"},"NA","Ireland","No","",0.25,"I","0.25","S",24,39,27,16,28,27,"24_27_28","ST63","15A","S. pneumoniae",13,9,{"v":0.99,"d":"99%"},"-","-","-",{"v":1,"d":"100%"},"99%,99%","-","-","-","-","-","No"]
["CAPIT224_D1-1","SAMN25119128","SRR21202072","ERS13449567","ERR10183558","Higher + longer",{"v":11.5637321472168,"d":"12"},"Partial-PCV","North West","No","",0.03,"S",0.01,"S",1,4,2,3,2,1,"1_2_2","ST433","22F","S. pneumoniae",11,19,"-","-","-","-","-","-","-","-","-","-","-","-"]
["CAPIT224_D29-1","SAMN25119129","SRR21202071","ERS13449568","ERR10183559","Higher + longer",{"v":11.5637321472168,"d":"12"},"Partial-PCV","North West","No","",0.03,"S",0.01,"S",1,4,0,2,187,2,"1_0_187","ST199","19A","S. pneumoniae",6,4,"-","-","-","-","-","-","-","-","-","-","-","-"]
["CAPIT225_D1-1","SAMN25119130","SRR21202070","ERS13449569","ERR10183560","Lower + longer",{"v":8.048620223999023,"d":"8"},"Partial-PCV","North West","No","",0.01,"S",0.01,"S",2,3,6,2,0,2,"2_6_0","ST62","11A","S. pneumoniae",1,3,"-","-","-","-","-","-","-","-","-","-","-","-"]
["CAPIT226_D1-1","SAMN25119131","SRR21202069","ERS13449570","ERR10183561","Lower + shorter",{"v":38.69908142089844,"d":"39"},"Full-PCV","North West","No","",0.01,"S",0.01,"S",1,4,0,2,187,2,"1_0_187","ST199","19A","S. pneumoniae",6,4,"-","-","-","-","-","-","-","-","-","-","-","-"]
["CAPIT227_D1-1","SAMN25119132","SRR21202068","ERS13449571","ERR10183562","Higher + longer",{"v":20.33508491516113,"d":"20"},"Full-PCV","North West","No","",0.01,"S",0.01,"S",0,4,0,0,3,1,"0_0_3","ST1635","35F","S. pneumoniae",5,36,"-","-","-","-","-","-","-","-","-","-","-","-"]
["CAPIT228_D1-1","SAMN25119133","SRR21202067","ERS13449572","ERR10183563","Higher + shorter",{"v":16.42575645446777,"d":"16"},"Full-PCV","North West","No","",0.01,"S",0.01,"S",1,3,0,0,0,1,"1_0_0","ST3811","15A","S. pneumoniae",2,6,"-","-","-","-","-","-","-","-","-","-","-","-"]
["CAPIT229_D29-1","SAMN25119134","SRR21202066","ERS13449573","ERR10183564","Higher + longer",{"v":26.80683326721191,"d":"27"},"Full-PCV","North West","No","",0.03,"S",0.01,"S",2,3,0,1,2,1,"2_0_2","ST8711","15B/C","S. pneumoniae",3,11,"-","-","-","-","-","-","-","-","-","-","-","-"]
["CAPIT230_D29-1","SAMN25119135","SRR21202065","ERS13449574","ERR10183565","Lower + longer",{"v":13.10775279998779,"d":"13"},"Full-PCV","North West","Yes","Phenoxymethylpenicillin",0.03,"S",0.01,"S",2,2,0,1,0,1,"2_0_0","ST654","19F","S. pneumoniae",33,119,"-","-","-","-","-","-","-","-","-","-","-","-"]
["CAPIT231_D1-1","SAMN25119136","SRR21202064","ERS13449575","ERR10183566","Higher + longer",{"v":63.27201080322266,"d":"63"},"Full-PCV","East Midlands","No","",0.01,"S",0.01,"S",2,2,0,1,2,1,"2_0_2","ST193","21","S. pneumoniae",4,11,"-",{"v":0.99,"d":"99%"},"-","-","-","-","-","-","-","-","-","-"]
["CAPIT232_D29-1","SAMN25119137","SRR21202063","ERS13449576","ERR10183567","Lower + longer",{"v":14.94743728637695,"d":"15"},"Full-PCV","East Midlands","No","",0.03,"S",0.01,"S",0,6,0,0,2,0,"0_0_2","ST97","10A","S. pneumoniae",17,35,"-","-","-","-","-","-","-","-","-","-","-","-"]
["CAPIT233_D1-1","SAMN25119138","SRR21202061","ERS13449577","ERR10183568","Higher + longer",{"v":17.73981666564941,"d":"18"},"Full-PCV","East Midlands","No","",0.01,"S",0.01,"S",2,5,0,1,0,2,"2_0_0","ST273","06E (06B)","S. pneumoniae",39,23,{"v":0.99,"d":"99%"},"-","-","-","-",{"v":0.99,"d":"99%"},"-","-","-","-","-","Yes"]
["CAPIT234_D1-1","SAMN25119139","SRR21202060","ERS13449578","ERR10183569","Higher + shorter",{"v":28.05519104003906,"d":"28"},"Full-PCV","East Midlands","No","",0.01,"S",0.01,"S",1,4,0,2,187,2,"1_0_187","ST450","19A","S. pneumoniae",6,4,"-","-","-","-","-","-","-","-","-","-","-","-"]
["CAPIT235_D1-1","SAMN25119140","SRR21202059","ERS13449579","ERR10183570","Higher + shorter",{"v":33.80420684814453,"d":"34"},"No-PCV","East Midlands","No","",0.01,"S",0.01,"S",2,3,6,2,0,2,"2_6_0","ST62","11A","S. pneumoniae",1,3,"-","-","-","-","-","-","-","-","-","-","-","-"]
["CAPIT235_D1-2","SAMN25119141","SRR21202058","ERS13449580","ERR10183571","Higher + shorter",{"v":33.80420684814453,"d":"34"},"No-PCV","East Midlands","No","",0.01,"S",0.01,"S",86,56,82,4,162,4,"86_82_162","ST448","Non-typeable/NCC2a","S. pneumoniae",14,60,"-","-","-","-","-","-","-","-","-","-","-","-"]
["CAPIT236_D1-1","SAMN25119142","SRR21202057","ERS13449581","ERR10183572","Higher + shorter",{"v":23.3902759552002,"d":"23"},"Full-PCV","South East","No","",0.03,"S",0.01,"S",1,4,0,3,0,2,"1_0_0","ST199","15B/C","S. pneumoniae",6,4,"-","-","-","-","-","-","-","-","-","-","-","-"]
["CAPIT237_D29-1","SAMN25119143","SRR21202056","ERS13449582","ERR10183573","Higher + longer",{"v":57.32588577270508,"d":"57"},"Full-PCV","South East","No","",0.03,"S",0.01,"S",0,4,0,2,0,1,"0_0_0","ST439","23B","S. pneumoniae",22,7,"-","-","-","-","-","-","-","-","-","-","-","-"]
["CAPIT238_D1-1","SAMN25119144","SRR21202055","ERS13449583","ERR10183574","Higher + longer",{"v":53.12089538574219,"d":"53"},"Full-PCV","South East","No","",0.03,"S",0.01,"S",2,4,0,0,3,1,"2_0_3","ST177","07C","S. pneumoniae",10,44,"-","-","-","-","-","-","-","-","-","-","-","-"]
["CAPIT238_D29-1","SAMN25119145","SRR21202054","ERS13449584","ERR10183575","Higher + longer",{"v":53.12089538574219,"d":"53"},"Full-PCV","South East","No","",0.03,"S",0.01,"S",0,4,0,1,0,3,"0_0_0","ST452","35B","S. pneumoniae",25,75,"-","-","-","-","-","-","-","-","-","-","-","-"]
["CAPIT239_D1-1","SAMN25119146","SRR21202053","ERS13449585","ERR10183576","Lower + shorter",{"v":33.63994598388672,"d":"34"},"Full-PCV","South East","No","",0.03,"S",0.03,"S",0,4,6,3,2,0,"0_6_2","ST30","16F","S. pneumoniae",19,46,"-","-","-","-","-","-","-","-","-","-","-","-"]
["CAPIT239_D29-1","SAMN25119147","SRR21202052","ERS13449586","ERR10183577","Lower + shorter",{"v":33.63994598388672,"d":"34"},"Full-PCV","South East","No","",0.03,"S",0.01,"S",2,2,0,1,2,1,"2_0_2","ST1877","21","S. pneumoniae",4,11,"-",{"v":0.99,"d":"99%"},"-","-","-","-","-","-","-","-","-","-"]
["CAPIT240_D1-1","SAMN25119148","SRR21202050","ERS13449587","ERR10183578","Higher + shorter",{"v":17.21419143676758,"d":"17"},"Full-PCV","South East","No","",0.01,"S",0.03,"S",0,4,0,2,0,1,"0_0_0","ST439","23B","S. pneumoniae",22,7,"-","-","-","-","-","-","-","-","-","-","-","-"]
["CAPIT240_D29-1","SAMN25119149","SRR21202049","ERS13449588","ERR10183579","Higher + shorter",{"v":17.21419143676758,"d":"17"},"Full-PCV","South East","No","",0.25,"I",0.06,"S",7,50,67,9,1,54,"7_67_1","ST2372","23B1","S. pneumoniae",7,5,"-","-","-","-","-","-","-","-","-","-","-","-"]
["CAPIT241_D29-1","SAMN25119150","SRR21202048","ERS13449589","ERR10183580","Higher + shorter",{"v":18.98817253112793,"d":"19"},"Full-PCV","South East","No","",0.03,"S",0.01,"S",78,4,0,0,0,1,"78_0_0","ST162","Serogroup 24","S. pneumoniae",2,6,"-","-","-","-","-","-","-","-","-","-","-","-"]
["CAPIT242_D1-1","SAMN25119151","SRR21202047","ERS13449590","ERR10183581","Higher + shorter",{"v":22.83180046081543,"d":"23"},"Full-PCV","South East","No","",0.03,"S",0.01,"S",1,4,0,2,0,2,"1_0_0","ST199","15B/C","S. pneumoniae",6,4,"-","-","-","-","-","-","-","-","-","-","-","-"]
["CAPIT243_D1-1","SAMN25119152","SRR21202046","ERS13449591","ERR10183582","Higher + longer",{"v":26.31406021118164,"d":"26"},"Full-PCV","South East","No","",0.01,"S",0.01,"S",2,2,0,1,0,2,"2_0_0","ST8606","17F","S. pneumoniae",16,49,"-","-","-","-","-","-","-","-","-","-","-","-"]
["CAPIT244_D29-1","SAMN25119153","SRR21202045","ERS13449592","ERR10183583","Lower + shorter",{"v":24.54007911682129,"d":"25"},"Full-PCV","South East","No","",0.03,"S",0.01,"S",11,4,0,4,172,3,"11_0_172","ST1924","17F","S. pneumoniae",16,49,"-","-","-","-","-","-","-","-","-","-","-","-"]
["CAPIT245_D29-1","SAMN25119154","SRR21202044","ERS13449593","ERR10183584","Lower + shorter",{"v":28.54796409606934,"d":"29"},"Full-PCV","South East","No","",0.03,"S",0.03,"S",2,2,0,1,2,1,"2_0_2","ST193","15B/C","S. pneumoniae",4,11,"-","-","-","-",{"v":0.99,"d":"99%"},{"v":0.99,"d":"99%"},"-","-","-","-","-","Yes"]
["CAPIT246_D1-1","SAMN25119155","SRR21202043","ERS13449594","ERR10183585","Higher + longer",{"v":32.09592819213867,"d":"32"},"Full-PCV","South East","No","",0.25,"I",0.03,"S",24,40,27,16,28,27,"24_27_28","ST63","15A","S. pneumoniae",13,9,{"v":0.99,"d":"99%"},"-","-","-",{"v":1,"d":"100%"},{"v":0.99,"d":"99%"},"-","-","-","-","-","Yes"]
["CAPIT247_D1-1","SAMN25119156","SRR21202042","ERS13449595","ERR10183586","Lower + longer",{"v":10.51248359680176,"d":"11"},"Partial-PCV","South East","No","",0.03,"S",0.01,"S",0,4,0,0,2,1,"0_0_2","ST198","35B","S. pneumoniae",9,72,"-","-","-","-","-","-","-","-","-","-","-","-"]
["CAPIT248_D1-1","SAMN25119157","SRR21202041","ERS13449596","ERR10183587","Lower + longer",{"v":18.85676765441895,"d":"19"},"Full-PCV","South East","No","",0.01,"S",0.01,"S",0,4,0,2,0,2,"0_0_0","ST2220","15B/C","S. pneumoniae",6,4,"-","-","-","-","-","-","-","-","-","-","-","-"]
["CAPIT248_D29-1","SAMN25119158","SRR21202039","ERS13449597","ERR10183588","Lower + longer",{"v":18.85676765441895,"d":"19"},"Full-PCV","South East","No","",0.01,"S",0.01,"S",2,3,6,2,0,2,"2_6_0","ST62","11A","S. pneumoniae",1,3,"-","-","-","-","-","-","-","-","-","-","-","-"]
["CAPIT249_D1-1","SAMN25119159","SRR21202038","ERS13449598","ERR10183589","Lower + longer",{"v":40.37450790405273,"d":"40"},"Full-PCV","South East","No","",0.01,"S",0.01,"S",2,4,4,2,0,1,"2_4_0","ST393","38","S. pneumoniae",23,38,"-","-","-","-","-","-","-","-","-","-","-","-"]
["CAPIT250_D29-1","SAMN25119160","SRR21202037","ERS13449599","ERR10183590","Lower + longer",{"v":36.89224624633789,"d":"37"},"Full-PCV","South East","Yes","Amoxicillin",0.03,"S",0.01,"S",1,4,2,3,2,0,"1_2_2","ST433","22F","S. pneumoniae",11,19,"-","-","-","-","-","-","-","-","-","-","-","-"]
["CAPIT251_D29-1","SAMN25119161","SRR21202036","ERS13449600","ERR10183591","Lower + longer",{"v":32.29303359985352,"d":"32"},"Full-PCV","East Midlands","No","",1,"I","1","I",4,88,7,21,7,74,"4_7_7","ST558","35B","S. pneumoniae",38,59,"-","-","-","-","-","-","-","-","-","-","-","-"]
["CAPIT252_D1-1","SAMN25119162","SRR21202035","ERS13449601","ERR10183592","Lower + longer",{"v":20.40078926086426,"d":"20"},"Full-PCV","East Midlands","No","",0.01,"S",0.01,"S",1,3,0,0,0,1,"1_0_0","ST162","15B/C","S. pneumoniae",2,6,"-","-","-","-","-","-","-","-","-","-","-","-"]
["CAPIT253_D29-1","SAMN25119163","SRR21202034","ERS13449602","ERR10183593","Lower + shorter",{"v":44.05387496948242,"d":"44"},"Full-PCV","East Midlands","No","",0.01,"S",0.01,"S",78,4,0,0,0,1,"78_0_0","ST162","Serogroup 24","S. pneumoniae",2,6,"-","-","-",{"v":0.92,"d":"92%"},"-","-","-","-","-","-","-","-"]
["CAPIT254_D1-1","SAMN25119164","SRR21202033","ERS13449603","ERR10183594","Higher + shorter",{"v":18.88961982727051,"d":"19"},"Full-PCV","East Midlands","No","",0.03,"S",0.01,"S",0,6,0,0,53,2,"0_0_53","ST1551","10A","S. pneumoniae",17,35,"-","-","-","-","-","-","-","-","-","-","-","-"]
["CAPIT254_D29-1","SAMN25119165","SRR21202032","ERS13449604","ERR10183595","Higher + shorter",{"v":18.88961982727051,"d":"19"},"Full-PCV","East Midlands","No","",0.03,"S",0.03,"S",2,2,0,1,2,1,"2_0_2","ST193","21","S. pneumoniae",4,11,"-","-","-","-","-","-","-","-","-","-","-","-"]
["CAPIT255_D1-1","SAMN25119166","SRR21202031","ERS13449605","ERR10183596","Lower + longer",{"v":23.5873851776123,"d":"24"},"Full-PCV","East Midlands","No","",0.01,"S",0.01,"S",2,3,6,2,0,2,"2_6_0","ST62","11A","S. pneumoniae",1,3,"-","-","-","-","-","-","-","-","-","-","-","-"]
["CAPIT256_D29-1","SAMN25119167","SRR21202030","ERS13449606","ERR10183597","Higher + longer",{"v":16.88567733764648,"d":"17"},"Full-PCV","East Midlands","No","",0.01,"S",0.01,"S",2,3,6,2,0,2,"2_6_0","ST62","11A","S. pneumoniae",1,3,"-","-","-","-","-","-","-","-","-","-","-","-"]
["CAPIT257_D1-1","SAMN25119168","SRR21202027","ERS13449607","ERR10183598","Higher + longer",{"v":7.621550559997559,"d":"8"},"Partial-PCV","East Midlands","No","",0.01,"S",0.01,"S",1,4,2,3,2,0,"1_2_2","ST433","22F","S. pneumoniae",11,19,"-","-","-","-","-","-","-","-","-","-","-","-"]
["CAPIT258_D1-1","SAMN25119169","SRR21202026","ERS13449608","ERR10183599","Lower + longer",{"v":26.54402160644531,"d":"27"},"Full-PCV","East Midlands","No","",0.01,"S",0.01,"S",2,3,6,2,0,2,"2_6_0","ST62","11A","S. pneumoniae",1,3,"-","-","-","-","-","-","-","-","-","-","-","-"]
["CAPIT259_D1-1","SAMN25119170","SRR21202025","ERS13449609","ERR10183600","Higher + shorter",{"v":14.19185256958008,"d":"14"},"Full-PCV","East Midlands","No","",0.03,"S",0.01,"S",2,3,6,2,0,2,"2_6_0","ST62","11A","S. pneumoniae",1,3,"-","-","-","-","-","-","-","-","-","-","-","-"]
["CAPIT260_D1-1","SAMN25119171","SRR21202285","ERS13449610","ERR10183601","Higher + shorter",{"v":41.52431106567383,"d":"42"},"Full-PCV","East Midlands","No","",0.03,"S",0.01,"S",2,2,0,1,2,1,"2_0_2","ST193","21","S. pneumoniae",4,11,"-","-","-","-","-","-","-","-","-","-","-","-"]
["CAPIT261_D29-1","SAMN25119172","SRR21202284","ERS13449611","ERR10183602","Higher + longer",{"v":68.16688537597656,"d":"68"},"Full-PCV","East Midlands","No","",0.03,"S",0.01,"S",0,4,6,3,2,0,"0_6_2","ST30","16F","S. pneumoniae",19,46,"-","-","-","-","-","-","-","-","-","-","-","-"]
["CAPIT262_D1-1","SAMN25119173","SRR21202283","ERS13449612","ERR10183603","Higher + shorter",{"v":39.12614822387695,"d":"39"},"Full-PCV","East Midlands","No","",0.01,"S",0.01,"S",2,3,6,2,10,3,"2_6_10","ST62","11A","S. pneumoniae",1,3,"-","-","-","-","-","-","-","-","-","-","-","-"]
["CAPIT263_D1-1","SAMN25119174","SRR21202282","ERS13449613","ERR10183604","Lower + longer",{"v":46.64914703369141,"d":"47"},"Full-PCV","East Midlands","No","",0.01,"S",0.01,"S",2,4,0,0,3,1,"2_0_3","ST177","07C","S. pneumoniae",10,44,"-","-","-","-","-","-","-","-","-","-","-","-"]
["CAPIT264_D1-1","SAMN25119175","SRR21202281","ERS13449614","ERR10183605","Lower + shorter",{"v":44.02102661132813,"d":"44"},"Full-PCV","East Midlands","No","",0.01,"S",0.01,"S",2,3,0,1,6,3,"2_0_6","ST100","33F","S. pneumoniae",18,3,"-","-","-","-","-","-","-","-","-","-","-","-"]
["CAPIT265_D1-1","SAMN25119176","SRR21202280","ERS13449615","ERR10183606","Lower + longer",{"v":54.27069473266602,"d":"54"},"Full-PCV","East Midlands","No","",0.03,"S",0.01,"S",2,3,0,1,2,1,"2_0_2","Unknown ST","15B/C","S. pneumoniae",3,11,"-","-","-","-","-","-","-","-","-","-","-","-"]
["CAPIT265_D29-1","SAMN25119177","SRR21202279","ERS13449616","ERR10183607","Lower + longer",{"v":54.27069473266602,"d":"54"},"Full-PCV","East Midlands","No","",0.25,"I","0.125","S",7,50,1,40,171,45,"7_1_171","ST7121","23B1","S. pneumoniae",7,5,"-","-","-","-","-","-","-","-","-","-","-","-"]
["CAPIT266_D1-1","SAMN25119178","SRR21202277","ERS13449617","ERR10183608","Lower + shorter",{"v":32.49014282226563,"d":"32"},"Full-PCV","East Midlands","No","",0.01,"S",0.01,"S",2,3,6,2,0,2,"2_6_0","ST62","11A","S. pneumoniae",1,3,"-","-","-","-","-","-","-","-","-","-","-","-"]
["CAPIT267_D1-1","SAMN25119179","SRR21202276","ERS13449618","ERR10183609","Higher + shorter",{"v":34.46123504638672,"d":"34"},"Full-PCV","East Midlands","No","",0.01,"S",0.03,"S",2,3,6,2,0,2,"2_6_0","ST62","11A","S. pneumoniae",1,3,"-","-","-","-","-","-","-","-","-","-","-","-"]
["CAPIT268_D1-1","SAMN25119180","SRR21202275","ERS13449619","ERR10183610","Lower + longer",{"v":19.54664993286133,"d":"20"},"Full-PCV","East Midlands","No","",0.03,"S",0.03,"S",2,2,0,1,6,3,"2_0_6","ST42","23A","S. pneumoniae",8,7,"-","-","-","-","-","-","-","-","-","-","-","-"]
["CAPIT268_D29-1","SAMN25119181","SRR21202274","ERS13449620","ERR10183611","Lower + longer",{"v":19.54664993286133,"d":"20"},"Full-PCV","East Midlands","No","",0.03,"S",0.01,"S",1,3,0,0,0,1,"1_0_0","ST3811","15A","S. pneumoniae",2,6,"-","-","-","-","-","-","-","-","-","-","-","-"]
["CAPIT269_D29-1","SAMN25119182","SRR21202273","ERS13449621","ERR10183612","Higher + longer",{"v":10.57818698883057,"d":"11"},"Partial-PCV","East Midlands","No","",0.01,"S",0.01,"S",2,3,6,2,0,2,"2_6_0","ST62","11A","S. pneumoniae",1,3,"-","-","-","-","-","-","-","-","-","-","-","-"]
["CAPIT270_D29-1","SAMN25119183","SRR21202272","ERS13449622","ERR10183613","Lower + shorter",{"v":20.40078926086426,"d":"20"},"Full-PCV","East Midlands","No","",0.01,"S",0.01,"S",86,56,82,4,162,4,"86_82_162","ST448","Non-typeable/NCC2a","S. pneumoniae",14,60,"-","-","-","-","-","-","-","-","-","-","-","-"]
["CAPIT271_D29-1","SAMN25119184","SRR21202271","ERS13449623","ERR10183614","Higher + shorter",{"v":15.07884407043457,"d":"15"},"Full-PCV","East Midlands","No","",0.03,"S",0.01,"S",0,4,0,1,3,1,"0_0_3","ST1635","35F","S. pneumoniae",5,36,"-","-","-","-","-","-","-","-","-","-","-","-"]
["CAPIT272_D1-1","SAMN25119185","SRR21202270","ERS13449624","ERR10183615","Higher + longer",{"v":13.4362678527832,"d":"13"},"Full-PCV","East Midlands","No","",0.01,"S",0.01,"S",1,3,0,0,0,1,"1_0_0","ST3811","15A","S. pneumoniae",2,6,"-","-","-","-","-","-","-","-","-","-","-","-"]
["CAPIT273_D1-1","SAMN25119186","SRR21202269","ERS13449625","ERR10183616","Higher + shorter",{"v":32.68725204467773,"d":"33"},"Full-PCV","East Midlands","No","",0.01,"S",0.01,"S",78,4,0,0,0,1,"78_0_0","ST162","Serogroup 24","S. pneumoniae",2,6,"-","-","-","-","-","-","-","-","-","-","-","-"]
["CAPIT273_USV-1","SAMN25119187","SRR21202268","ERS13449626","ERR10183617","Higher + shorter",{"v":32.68725204467773,"d":"33"},"Full-PCV","East Midlands","No","",0.03,"S",0.01,"S",2,3,6,2,0,2,"2_6_0","ST62","11A","S. pneumoniae",1,3,"-","-","-","-","-","-","-","-","-","-","-","-"]
["CAPIT274_D29-1","SAMN25119188","SRR21202266","ERS13449627","ERR10183618","Lower + longer",{"v":45.79500579833984,"d":"46"},"Full-PCV","East Midlands","Yes","Amoxicillin",0.01,"S",0.01,"S",0,4,"New",1,3,1,"0_New_3","ST1635","35F","S. pneumoniae",5,36,"-","-","-","-","-","-","-","-","-","-","-","-"]
["CAPIT275_D29-1","SAMN25119189","SRR21202265","ERS13449628","ERR10183619","Higher + longer",{"v":22.83180046081543,"d":"23"},"Full-PCV","East Midlands","Yes","Co-amoxiclav",0.25,"I","0.25","S",84,53,"New",16,"New",55,"84_New_New","ST6038","15B/C","S. pneumoniae",37,25,"-",{"v":1,"d":"100%"},"-","-","-","-","-","-","-","-","-","-"]
["CAPIT276_D29-1","SAMN25119190","SRR21202264","ERS13449629","ERR10183620","Higher + longer",{"v":14.75032806396484,"d":"15"},"Full-PCV","East Midlands","Yes","Amoxicillin",0.01,"S",0.01,"S",86,56,82,4,162,4,"86_82_162","ST448","Non-typeable/NCC2a","S. pneumoniae",14,60,"-","-","-","-","-","-","-","-","-","-","-","-"]
["CAPIT277_D1-1","SAMN25119191","SRR21202263","ERS13449630","ERR10183621","Higher + shorter",{"v":29.07358741760254,"d":"29"},"Full-PCV","East Midlands","No","",0.01,"S",0.01,"S",2,3,0,1,2,1,"2_0_2","ST8711","15B/C","S. pneumoniae",3,11,"-","-","-","-","-","-","-","-","-","-","-","-"]
["CAPIT278_D29-1","SAMN25119192","SRR21202262","ERS13449631","ERR10183622","Higher + shorter",{"v":23.5873851776123,"d":"24"},"Full-PCV","East Midlands","Yes","Amoxicillin",0.01,"S",0.01,"S",2,3,3,2,2,0,"2_3_2","ST180","03","S. pneumoniae",12,12,"-","-","-","-","-","-","-","-","-","-","-","-"]
["CAPIT279_D1-1","SAMN25119193","SRR21202261","ERS13449632","ERR10183623","Higher + longer",{"v":18.85676765441895,"d":"19"},"NA","London","No","",0.25,"I",0.06,"S",7,50,1,40,1,54,"7_1_1","ST1349","23B1","S. pneumoniae",7,5,"-","-","-","-","-","-","-","-","-","-","-","-"]
["CAPIT280_D1-1","SAMN25119194","SRR21202260","ERS13449633","ERR10183624","Lower + shorter",{"v":49.50722885131836,"d":"50"},"Full-PCV","London","No","",0.03,"S",0.03,"S",2,2,0,1,6,3,"2_0_6","ST438","23A","S. pneumoniae",8,7,"-","-","-","-","-","-","-","-","-","-","-","-"]
["CAPIT281_D1-1","SAMN25119195","SRR21202259","ERS13449634","ERR10183625","Higher + longer",{"v":26.83968544006348,"d":"27"},"Full-PCV","London","No","",0.01,"S",0.01,"S",0,4,0,2,0,1,"0_0_0","ST355","23B","S. pneumoniae",22,7,"-","-","-","-","-","-","-","-","-","-","-","-"]
["CAPIT282_D1-1","SAMN25119196","SRR21202258","ERS13449635","ERR10183626","Higher + shorter",{"v":23.9158992767334,"d":"24"},"Full-PCV","London","No","",0.03,"S",0.03,"S",0,4,0,0,3,1,"0_0_3","Unknown ST","35F","S. pneumoniae",5,36,"-","-","-","-","-","-","-","-","-","-","-","-"]
["CAPIT283_D1-1","SAMN25119197","SRR21202257","ERS13449636","ERR10183627","Lower + shorter",{"v":42.70696640014648,"d":"43"},"Full-PCV","London","No","",0.03,"S",0.01,"S",0,4,0,0,0,2,"0_0_0","ST1818","34","S. pneumoniae",31,45,"-","-","-","-","-","-","-","-","-","-","-","-"]
["CAPIT284_D1-1","SAMN25119198","SRR21202255","ERS13449637","ERR10183628","Lower + shorter",{"v":25.39421844482422,"d":"25"},"Full-PCV","Yorkshire and the Humber","No","",0.03,"S",0.01,"S",2,3,6,2,0,2,"2_6_0","ST62","11A","S. pneumoniae",1,3,"-","-","-","-","-","-","-","-","-","-","-","-"]
["CAPIT284_D29-1","SAMN25119199","SRR21202254","ERS13449638","ERR10183629","Lower + shorter",{"v":25.39421844482422,"d":"25"},"Full-PCV","Yorkshire and the Humber","No","",0.03,"S",0.01,"S",0,4,0,0,2,0,"0_0_2","ST198","35B","S. pneumoniae",9,72,"-","-","-","-","-","-","-","-","-","-","-","-"]
["CAPIT285_D1-1","SAMN25119200","SRR21201958","ERS13449639","ERR10183630","Lower + longer",{"v":63.17345428466797,"d":"63"},"Full-PCV","Yorkshire and the Humber","No","",0.25,"I","0.125","S","New",19,"New",16,"New",37,"New_New_New","ST701","13","S. pneumoniae",36,65,"-","-","-","-","-","-","-","-","-","-","-","-"]
["CAPIT286_D1-1","SAMN25119201","SRR21201957","ERS13449640","ERR10183631","Higher + longer",{"v":33.18002700805664,"d":"33"},"Full-PCV","Yorkshire and the Humber","No","",0.01,"S",0.01,"S",2,3,0,1,2,1,"2_0_2","ST1262","15B/C","S. pneumoniae",3,11,"-",{"v":0.99,"d":"99%"},"-","-","-","-","-","-","-","-","-","-"]
["CAPIT287_D1-1","SAMN25119202","SRR21201956","ERS13449641","ERR10183632","Lower + longer",{"v":52.33245849609375,"d":"52"},"Full-PCV","Yorkshire and the Humber","No","",0.03,"S",0.01,"S",2,2,0,1,6,3,"2_0_6","ST438","23A","S. pneumoniae",8,7,"-","-","-","-","-","-","-","-","-","-","-","-"]
["CAPIT288_D1-1","SAMN25119203","SRR21201955","ERS13449642","ERR10183633","Higher + shorter",{"v":46.87910461425781,"d":"47"},"Full-PCV","Yorkshire and the Humber","No","",0.03,"S",0.03,"S",2,2,0,1,6,3,"2_0_6","ST438","23A","S. pneumoniae",8,7,"-","-","-","-","-","-","-","-","-","-","-","-"]
["CAPIT289_D1-1","SAMN25119204","SRR21201954","ERS13449643","ERR10183634","Lower + shorter",{"v":41.13009262084961,"d":"41"},"Full-PCV","Yorkshire and the Humber","No","",0.125,"I","0.125","S",16,26,13,14,19,15,"16_13_19","ST2062","19A","S. pneumoniae",35,17,"-","-","-","-","-","-","-","-","-","-","-","-"]
["CAPIT290_D1-1","SAMN25119205","SRR21201953","ERS13449644","ERR10183635","Lower + shorter",{"v":11.16951370239258,"d":"11"},"Partial-PCV","Yorkshire and the Humber","No","",0.03,"S",0.03,"S",2,3,3,2,"New",1,"2_3_New","ST180","03","S. pneumoniae",12,12,"-","-","-","-","-","-","-","-","-","-","-","-"]
["CAPIT291_D1-1","SAMN25119206","SRR21201952","ERS13449645","ERR10183636","Lower + longer",{"v":34.75689697265625,"d":"35"},"Full-PCV","Yorkshire and the Humber","No","",0.01,"S",0.01,"S",1,4,0,0,0,2,"1_0_0","ST66","09N","S. pneumoniae",24,16,"-","-","-","-","-","-","-","-","-","-","-","-"]
["CAPIT292_D1-1","SAMN25119207","SRR21201951","ERS13449646","ERR10183637","Higher + shorter",{"v":36.76084136962891,"d":"37"},"Full-PCV","Yorkshire and the Humber","Yes","Amoxicillin",0.01,"S",0.01,"S",2,4,0,0,3,1,"2_0_3","ST177","07C","S. pneumoniae",10,44,"-","-","-","-","-","-","-","-","-","-","-","-"]
["CAPIT293_D1-1","SAMN25119208","SRR21201949","ERS13449647","ERR10183638","Lower + shorter",{"v":38.46912002563477,"d":"38"},"Full-PCV","Yorkshire and the Humber","Yes","Amoxicillin",0.125,"I",0.06,"S",7,50,67,9,1,54,"7_67_1","ST2372","23B1","S. pneumoniae",7,5,"-","-","-","-","-","-","-","-","-","-","-","-"]
["CAPIT294_D1-1","SAMN25119209","SRR21201948","ERS13449648","ERR10183639","Higher + shorter",{"v":23.12746429443359,"d":"23"},"Full-PCV","Yorkshire and the Humber","Yes","Amoxicillin",0.03,"S",0.03,"S",0,3,0,0,3,1,"0_0_3","ST58","15A","S. pneumoniae",32,140,"-","-","-","-","-","-","-","-","-","-","-","-"]
["CAPIT295_D1-1","SAMN25119210","SRR21201947","ERS13449649","ERR10183640","Higher + longer",{"v":12.54927730560303,"d":"13"},"Full-PCV","Yorkshire and the Humber","Yes","Amoxicillin",0.01,"S",0.01,"S",0,4,0,0,2,0,"0_0_2","ST3003","35D","S. pneumoniae",9,72,"-","-","-","-","-","-","-","-","-","-","-","-"]
["CAPIT296_D1-1","SAMN25119211","SRR21201946","ERS13449650","ERR10183641","Higher + longer",{"v":14.8488826751709,"d":"15"},"Full-PCV","Yorkshire and the Humber","Yes","Amoxicillin",0.01,"S",0.01,"S",2,2,0,1,2,1,"2_0_2","ST193","21","S. pneumoniae",4,11,"-","-","-","-","-","-","-","-","-","-","-","-"]
["CAPIT297_D29-1","SAMN25119212","SRR21201945","ERS13449651","ERR10183642","Lower + shorter",{"v":31.89881706237793,"d":"32"},"Full-PCV","Yorkshire and the Humber","Yes","Amoxicillin",0.03,"S",0.01,"S",1,4,2,3,2,0,"1_2_2","ST433","22F","S. pneumoniae",11,19,"-","-","-","-","-","-","-","-","-","-","-","-"]
["CAPIT298_D1-1","SAMN25119213","SRR21201944","ERS13449652","ERR10183643","Higher + shorter",{"v":58.5413932800293,"d":"59"},"Full-PCV","Yorkshire and the Humber","Yes","Amoxicillin",0.01,"S",0.01,"S",2,4,0,0,3,1,"2_0_3","ST177","07C","S. pneumoniae",10,44,"-","-","-","-","-","-","-","-","-","-","-","-"]
["CAPIT299_D1-1","SAMN25119214","SRR21201943","ERS13449653","ERR10183644","Higher + longer",{"v":14.91458606719971,"d":"15"},"Full-PCV","South East","No","",0.01,"S",0.01,"S",1,4,2,3,2,0,"1_2_2","ST433","22F","S. pneumoniae",1,19,"-","-","-","-","-","-","-","-","-","-","-","-"]
["CAPIT299_D1-2","SAMN25119215","SRR21201942","ERS13449654","ERR10183645","Higher + longer",{"v":14.91458606719971,"d":"15"},"Full-PCV","South East","No","",0.01,"S",0.01,"S",2,3,6,2,0,2,"2_6_0","ST62","11A","S. pneumoniae",23,3,"-","-","-","-","-","-","-","-","-","-","-","-"]
["CAPIT299_D29-1","SAMN25119216","SRR21201941","ERS13449655","ERR10183646","Higher + longer",{"v":14.91458606719971,"d":"15"},"Full-PCV","South East","No","",0.03,"S",0.03,"S",2,4,4,2,0,1,"2_4_0","ST393","38","S. pneumoniae",20,38,"-","-","-","-","-","-","-","-","-","-","-","-"]
["CAPIT300_D1-1","SAMN25119217","SRR21201940","ERS13449656","ERR10183647","Lower + longer",{"v":29.1064395904541,"d":"29"},"Full-PCV","South East","No","",0.125,"I",0.06,"S",0,3,1,40,1,54,"0_1_1","ST1373","23B1","S. pneumoniae",12,5,"-","-","-","-","-","-","-","-","-","-","-","-"]
["CAPIT301_D1-1","SAMN25119218","SRR21201938","ERS13449657","ERR10183648","Lower + longer",{"v":48.52168273925781,"d":"49"},"Full-PCV","South East","No","",0.03,"S",0.03,"S",2,3,3,2,2,0,"2_3_2","ST180","03","S. pneumoniae",2,12,"-","-","-","-","-","-","-","-","-","-","-","-"]
["CAPIT302_D1-1","SAMN25119219","SRR21201937","ERS13449658","ERR10183649","Higher + longer",{"v":17.01708221435547,"d":"17"},"Full-PCV","South East","No","",0.03,"S",0.03,"S",1,3,0,0,0,1,"1_0_0","ST3811","15A","S. pneumoniae",6,6,"-","-","-","-","-","-","-","-","-","-","-","-"]
["CAPIT303_D1-1","SAMN25119220","SRR21201936","ERS13449659","ERR10183650","Higher + shorter",{"v":24.37582206726074,"d":"24"},"Full-PCV","South East","No","",0.03,"S",0.03,"S",0,4,0,2,0,2,"0_0_0","ST2220","15B/C","S. pneumoniae",8,4,"-","-","-","-","-","-","-","-","-","-","-","-"]
["CAPIT304_D1-1","SAMN25119221","SRR21201935","ERS13449660","ERR10183651","Lower + shorter",{"v":18.13403511047363,"d":"18"},"Full-PCV","South East","No","",0.01,"S",0.01,"S",2,2,0,1,6,3,"2_0_6","ST438","23A","S. pneumoniae",10,7,"-","-","-","-","-","-","-","-","-","-","-","-"]
["CAPIT305_D1-1","SAMN25119222","SRR21201934","ERS13449661","ERR10183652","Higher + shorter",{"v":43.00262832641602,"d":"43"},"Full-PCV","South East","No","",0.06,"S",0.03,"S",23,6,6,1,139,26,"23_6_139","ST7024","19F","S. pneumoniae",22,44,{"v":0.98,"d":"98%"},"-","-","-",{"v":1,"d":"100%"},{"v":0.99,"d":"99%"},"-","-",{"v":1,"d":"100%"},"-","-","Yes"]
["CAPIT305_D1-2","SAMN25119223","SRR21201933","ERS13449662","ERR10183653","Higher + shorter",{"v":43.00262832641602,"d":"43"},"Full-PCV","South East","No","",0.03,"S",0.03,"S",0,4,0,2,0,1,"0_0_0","ST439","23B","S. pneumoniae",2,7,"-","-","-","-","-","-","-","-","-","-","-","-"]
["CAPIT306_D1-1","SAMN25119224","SRR21201932","ERS13449663","ERR10183654","Higher + shorter",{"v":47.63468933105469,"d":"48"},"NA","South East","No","",0.03,"S",0.01,"S",1,3,0,0,0,1,"1_0_0","ST162","15B/C","S. pneumoniae",21,6,"-","-","-","-","-","-","-","-","-","-","-","-"]
["CAPIT307_D1-1","SAMN25119225","SRR21201931","ERS13449664","ERR10183655","Lower + longer",{"v":62.31931686401367,"d":"62"},"Full-PCV","South East","Yes","Ceftriaxone",0.06,"S",0.03,"S",23,5,4,2,77,17,"23_4_77","ST8060","12F","S. pneumoniae",3,55,"-",{"v":0.99,"d":"99%"},"-","-","-","-","-","-","-","-","-","-"]
["CAPIT308_D29-1","SAMN25119226","SRR21201930","ERS13449665","ERR10183656","Higher + shorter",{"v":44.15243148803711,"d":"44"},"Full-PCV","South East","Yes","Ceftriaxone",0.03,"S",0.01,"S",2,3,0,1,2,1,"2_0_2","ST1262","15B/C","S. pneumoniae",7,11,"-",{"v":0.99,"d":"99%"},"-","-","-","-","-","-","-","-","-","-"]
["CAPIT309_D29-1","SAMN25119227","SRR21201929","ERS13449666","ERR10183657","Lower + shorter",{"v":15.70302200317383,"d":"16"},"Full-PCV","South East","Yes","Ceftriaxone",0.25,"I",0.06,"S",7,50,1,40,1,54,"7_1_1","ST1349","23B1","S. pneumoniae",11,5,"-","-","-","-","-","-","-","-","-","-","-","-"]
["CAPIT310_D1-1","SAMN25119228","SRR21201927","ERS13449667","ERR10183658","Higher + shorter",{"v":15.37450695037842,"d":"15"},"Full-PCV","South East","No","",0.125,"I",0.06,"S",0,3,1,40,1,54,"0_1_1","ST1373","23B1","S. pneumoniae",20,5,"-","-","-","-","-","-","-","-","-","-","-","-"]
["CAPIT311_D1-1","SAMN25119229","SRR21202184","ERS13449668","ERR10183659","Higher + shorter",{"v":55.94612503051758,"d":"56"},"Full-PCV","South East","No","",0.03,"S",0.06,"S",2,3,3,2,2,0,"2_3_2","ST180","03","S. pneumoniae",12,12,"-","-","-","-","-","-","-","-","-","-","-","-"]
["CAPIT312_D1-1","SAMN25119230","SRR21202183","ERS13449669","ERR10183660","Higher + longer",{"v":56.70170974731445,"d":"57"},"Full-PCV","North East","No","",0.03,"S",0.01,"S",2,2,0,2,6,3,"2_0_6","ST438","23A","S. pneumoniae",8,7,"-","-","-","-","-","-","-","-","-","-","-","-"]
["CAPIT312_D29-1","SAMN25119231","SRR21202182","ERS13449670","ERR10183661","Higher + longer",{"v":56.70170974731445,"d":"57"},"Full-PCV","North East","No","",0.03,"S",0.01,"S",78,4,0,0,0,1,"78_0_0","ST162","Serogroup 24","S. pneumoniae",2,6,"-","-","-","-","-","-","-","-","-","-","-","-"]
["CAPIT313_D1-1","SAMN25119232","SRR21202181","ERS13449671","ERR10183662","Lower + shorter",{"v":10.2825231552124,"d":"10"},"Partial-PCV","North East","No","",0.03,"S",0.01,"S",3,5,6,2,5,3,"3_6_5","ST53","08","S. pneumoniae",26,3,"-","-","-","-","-","-","-","-","-","-","-","-"]
["CAPIT314_D1-1","SAMN25119233","SRR21202180","ERS13449672","ERR10183663","Higher + shorter",{"v":24.4743766784668,"d":"24"},"Full-PCV","North East","No","",0.03,"S",0.01,"S",0,4,0,0,3,1,"0_0_3","ST1635","35F","S. pneumoniae",5,36,"-","-","-","-","-","-","-","-","-","-","-","-"]
["CAPIT314_D29-1","SAMN25119234","SRR21202179","ERS13449673","ERR10183664","Higher + shorter",{"v":24.4743766784668,"d":"24"},"Full-PCV","North East","No","",0.03,"S",0.01,"S",2,2,0,1,6,3,"2_0_6","ST992","23A","S. pneumoniae",8,7,"-","-","-","-","-","-","-","-","-","-","-","-"]
["CAPIT315_D1-1","SAMN25119235","SRR21202178","ERS13449674","ERR10183665","Lower + shorter",{"v":44.25098419189453,"d":"44"},"Full-PCV","North East",{"$error":"#N/A"},{"$error":"#N/A"},0.03,"S",0.01,"S",2,3,6,2,0,2,"2_6_0","ST62","11A","S. pneumoniae",1,3,"-","-","-","-","-","-",{"v":1,"d":"100%"},{"v":1,"d":"100%"},"-","-","-","No"]
["CAPIT316_D1-1","SAMN25119236","SRR21202177","ERS13449675","ERR10183666","Lower + longer",{"v":22.73324584960938,"d":"23"},"Full-PCV","North East","No","",0.03,"S",0.01,"S",0,4,0,2,0,2,"0_0_0","ST2220","15B/C","S. pneumoniae",6,4,"-","-","-","-","-","-","-","-","-","-","-","-"]
["CAPIT317_D1-1","SAMN25119237","SRR21202176","ERS13449676","ERR10183667","Higher + longer",{"v":27.16819953918457,"d":"27"},"Full-PCV","North East","No","",0.03,"S",0.01,"S",2,2,0,1,0,2,"2_0_0","ST8606","17F","S. pneumoniae",16,49,"-","-","-","-","-","-","-","-","-","-","-","-"]
["CAPIT317_D29-1","SAMN25119238","SRR21202174","ERS13449677","ERR10183668","Higher + longer",{"v":27.16819953918457,"d":"27"},"Full-PCV","North East","No","",0.03,"S",0.03,"S",0,4,0,0,0,2,"0_0_0","ST1818","34","S. pneumoniae",31,45,"-","-","-","-","-","-","-","-","-","-","-","-"]
["CAPIT318_D1-1","SAMN25119239","SRR21202173","ERS13449678","ERR10183669","Lower + shorter",{"v":10.05256271362305,"d":"10"},"Partial-PCV","North East","No","",0.03,"S",0.01,"S",0,6,0,0,2,1,"0_0_2","ST2068","10A","S. pneumoniae",15,36,"-","-","-","-","-","-","-","-","-","-","-","-"]
["CAPIT319_D1-1","SAMN25119240","SRR21202172","ERS13449679","ERR10183670","Lower + longer",{"v":31.01182746887207,"d":"31"},"Full-PCV","North East","No","",0.01,"S",0.01,"S",0,4,0,0,3,1,"0_0_3","ST1635","35F","S. pneumoniae",5,36,"-","-","-","-","-","-","-","-","-","-","-","-"]
["CAPIT320_D1-1","SAMN25119241","SRR21202171","ERS13449680","ERR10183671","Higher + longer",{"v":33.70565032958984,"d":"34"},"Full-PCV","North East","No","",0.01,"S",0.01,"S",2,2,0,1,2,1,"2_0_2","ST193","21","S. pneumoniae",4,11,"-","-","-","-","-","-","-","-","-","-","-","-"]
["CAPIT321_D1-1","SAMN25119242","SRR21202170","ERS13449681","ERR10183672","Lower + longer",{"v":42.08278656005859,"d":"42"},"Full-PCV","North East","No","",0.01,"S",0.01,"S",78,4,0,0,0,1,"78_0_0","ST162","Serogroup 24","S. pneumoniae",2,6,"-","-","-","-","-","-","-","-","-","-","-","-"]
["CAPIT322_D29-1","SAMN25119243","SRR21202169","ERS13449682","ERR10183673","Higher + longer",{"v":41.95137786865234,"d":"42"},"Full-PCV","North East","No","",0.03,"S",0.01,"S",2,3,0,1,2,1,"2_0_2","ST1262","15B/C","S. pneumoniae",3,11,"-","-","-","-","-","-","-","-","-","-","-","-"]
["CAPIT323_D1-1","SAMN25119244","SRR21202168","ERS13449683","ERR10183674","Lower + shorter",{"v":45.00656890869141,"d":"45"},"Full-PCV","North East","No","",0.01,"S",0.01,"S",86,56,82,4,162,4,"86_82_162","ST448","Non-typeable/NCC2a","S. pneumoniae",14,60,"-","-","-","-","-","-","-","-","-","-","-","-"]
["CAPIT324_D1-1","SAMN25119245","SRR21202167","ERS13449684","ERR10183675","Lower + shorter",{"v":43.56110382080078,"d":"44"},"Full-PCV","North East","No","",0.01,"S",0.01,"S",2,3,3,2,2,0,"2_3_2","ST180","03","S. pneumoniae",12,12,"-","-","-","-","-","-","-","-","-","-","-","-"]
["CAPIT325_D1-1","SAMN25119246","SRR21202166","ERS13449685","ERR10183676","Lower + shorter",{"v":7.457293033599854,"d":"7"},"Partial-PCV","North East","No","",0.03,"S",0.01,"S",2,3,0,0,6,3,"2_0_6","ST4668","33F","S. pneumoniae",18,3,{"v":1,"d":"100%"},"-","-","-",{"v":1,"d":"100%"},{"v":0.99,"d":"99%"},"-","-","-","-","-","Yes"]
["CAPIT326_D1-1","SAMN25119247","SRR21202165","ERS13449686","ERR10183677","Higher + shorter",{"v":25.39421844482422,"d":"25"},"Full-PCV","North East","No","",0.03,"S",0.01,"S",2,3,0,1,2,1,"2_0_2","ST193","21","S. pneumoniae",4,11,"-","-","-","-","-","-","-","-","-","-","-","-"]
["CAPIT327_D1-1","SAMN25119248","SRR21202163","ERS13449687","ERR10183678","Higher + shorter",{"v":31.60315322875977,"d":"32"},"Full-PCV","North East","No","",0.01,"S",0.01,"S",2,4,0,0,3,1,"2_0_3","ST177","07C","S. pneumoniae",10,44,"-","-","-","-","-","-","-","-","-","-","-","-"]
["CAPIT328_D1-1","SAMN25119249","SRR21202162","ERS13449688","ERR10183679","Lower + longer",{"v":15.14454650878906,"d":"15"},"Full-PCV","North East","No","",0.03,"S",0.01,"S",23,5,0,0,0,2,"23_0_0","ST405","09N","S. pneumoniae",34,32,"-","-","-","-","-","-","-","-","-","-","-","-"]
["CAPIT329_D1-1","SAMN25119250","SRR21202161","ERS13449689","ERR10183680","Higher + longer",{"v":53.71221923828125,"d":"54"},"Full-PCV","North East","No","",0.125,"I",0.03,"S",0,3,1,40,1,54,"0_1_1","ST11816","23B1","S. pneumoniae",20,5,"-","-","-","-","-","-","-","-","-","-","-","-"]
["CAPIT330_D1-1","SAMN25119251","SRR21202160","ERS13449690","ERR10183681","Lower + longer",{"v":25.55847549438477,"d":"26"},"Full-PCV","North East","No","",0.01,"S",0.01,"S",0,4,0,0,0,2,"0_0_0","ST177","23B","S. pneumoniae",10,44,"-","-","-","-","-","-","-","-","-","-","-","-"]
["CAPIT330_D29-1","SAMN25119252","SRR21202159","ERS13449691","ERR10183682","Lower + longer",{"v":25.55847549438477,"d":"26"},"Full-PCV","North East","No","",0.03,"S",0.03,"S",0,4,6,3,2,0,"0_6_2","ST30","16F","S. pneumoniae",19,46,"-","-","-","-","-","-","-","-","-","-","-","-"]
["CAPIT331_D1-1","SAMN25119253","SRR21202158","ERS13449692","ERR10183683","Higher + longer",{"v":59.0670166015625,"d":"59"},"Full-PCV","North East","No","",0.01,"S",0.01,"S",1,4,2,3,2,1,"1_2_2","ST433","22F","S. pneumoniae",11,19,"-","-","-","-","-","-","-","-","-","-","-","-"]
["CAPIT332_D1-1","SAMN25119254","SRR21202157","ERS13449693","ERR10183684","Higher + longer",{"v":16.26149749755859,"d":"16"},"Full-PCV","North East","No","",0.03,"S",0.03,"S",2,2,0,1,2,1,"2_0_2","ST193","21","S. pneumoniae",4,11,"-","-","-","-","-","-","-","-","-","-","-","-"]
["CAPIT333_D29-1","SAMN25119255","SRR21202156","ERS13449694","ERR10183685","Lower + shorter",{"v":39.5860710144043,"d":"40"},"Full-PCV","North East","Yes","Amoxicillin",0.125,"I",0.03,"S",7,50,0,0,1,54,"7_0_1","ST177","23B1","S. pneumoniae",10,44,"-","-","-","-","-","-","-","-","-","-","-","-"]
["CAPIT334_D29-1","SAMN25119256","SRR21202155","ERS13449695","ERR10183686","Higher + longer",{"v":36.66228485107422,"d":"37"},"Full-PCV","North East","Yes","Amoxicillin",0.03,"S",0.01,"S",0,4,0,0,3,1,"0_0_3","ST1635","35F","S. pneumoniae",5,36,"-","-","-","-","-","-","-","-","-","-","-","-"]
["CAPIT335_D29-1","SAMN25119257","SRR21202154","ERS13449696","ERR10183687","Lower + shorter",{"v":32.81866073608398,"d":"33"},"Full-PCV","North East","Yes","Amoxicillin",0.01,"S",0.01,"S",2,3,6,2,0,2,"2_6_0","ST62","11A","S. pneumoniae",1,3,"-","-","-","-","-","-",{"v":1,"d":"100%"},{"v":1,"d":"100%"},"-","-","-","No"]